| Registos Bibliográficos associados ao registo de autoridade |
|
Etiqueta de registo: 00599cam 2200181 450 001 1034535 003 http://id.bnportugal.gov.pt/bib/catbnp/1034535 005 20001003000000.0 100 ## $a20001003d1938 m y0pory0103 ba 101 0# $apor 102 ## $aBR 106 ## $ar 200 1# $a A epica portuguesa no seculo XVI$ecom appendices documentares$fFidelino de Figueiredo 210 #9 $aSão Paulo$cUniv. de São Paulo,$d1938 215 ## $a81, [4] p.$d24 cm 225 2# $aBoletins da Fac. de Filosofia, Ciências e Letras$v6 700 #1 $aFigueiredo,$bFidelino de,$f1888-1967$337830 801 #0 $aPT$bBN$gRPC 966 ## $lBN$mFGMON$pBiblioteca João Gaspar Simões$sL. 65485 V.$x3
Etiqueta de registo: 00626cam 2200193 450 001 1048074 003 http://id.bnportugal.gov.pt/bib/catbnp/1048074 005 20010212000000.0 100 ## $a20010212d1933 m y0pory0103 ba 101 0# $apor 102 ## $aUS$aFR$aBE 105 ## $ay z 000yy 106 ## $ar 200 1# $aLisboa em 1772$e ( relato dum viajante hespanhol)$ftexto publicado por Fidelino de Figueiredo 210 #9 $aNew York ;$aParis$c[s.n.],$d1933$eBruges :$gImpr. Sainte-Catherine) 215 ## $a9 p.$d25 cm 305 ## $aExtrait de la Revue Hispanique, T. 81 702 #1 $aFigueiredo,$bFidelino de,$f1888-1967$4340$337830 801 #0 $aPT$bBN$gRPC 966 ## $lBN$mFGMON$sH.G. 36551 V.$x0
Etiqueta de registo: 00583cam 2200181 450 001 1055943 003 http://id.bnportugal.gov.pt/bib/catbnp/1055943 100 ## $a20010515d1960 m y0pora01030103ba 101 0# $apor 102 ## $aBR 105 ## $ay z 000yy 106 ## $ar 200 1# $aHistória literária de Portugal$e ( séculos XII-XX)$fFidelino de Figueiredo 205 ## $a2ª ed 210 #9 $aRio de Janeiro$cFundo de Cultura,$d1960 215 ## $a550, [1] p.$d22 cm 225 2# $aBiblioteca Fundo Universal de Cultura$iEstante de literatura 317 ## $aBiblioteca Jorge de Sena$5PTBN: J.S. 1711 700 #1 $aFigueiredo,$bFidelino de,$f1888-1967$337830 801 #0 $aPT$bBN$gRPC 966 ## $lBN$mFGMON$pBiblioteca Jorge de Sena$sJ.S. 1711$x3 966 ## $lBN$mFGMON$sL. 19818 V.$x2
Etiqueta de registo: 00648cam 2200205 450 001 1056602 003 http://id.bnportugal.gov.pt/bib/catbnp/1056602 005 20011109125300.0 100 ## $a20010518d1944 km y0pora0103 ba 101 0# $apor 102 ## $aPT 105 ## $aa z 001yy 106 ## $ar 200 1# $aDiálogos$fFrei Amador Arrais$gselecção, pref. e notas Fidelino de Figueiredo 210 #9 $aLisboa$cSá da Costa,$d1944 215 ## $aLIII, 269 p.$cil.$d19 cm 225 2# $aClássicos Sá da Costa 675 ## $a821.134.3-83"15"$vBN$zpor$31005396 700 #1 $aArrais,$bAmador,$fca. 1530-1600,$cO.C.$37399 702 #1 $aFigueiredo,$bFidelino de,$f1888-1967$4080$337830 801 #0 $aPT$bBN$gRPC 966 ## $lBN$mFGMON$pBiblioteca Popular$sL. 95421 P.$x6 966 ## $lBN$mFGMON$sL. 13120 V.
Etiqueta de registo: 00981cam 02200301 04500 001 1061270 003 http://id.bnportugal.gov.pt/bib/catbnp/1061270 005 20020208142800.0 021 ## $aPT$b162810/01 100 ## $a20010607e20011933m y0pory0103 ba 101 0# $apor 102 ## $aPT 105 ## $aah z 001zy 106 ## $ar 200 1# $a A lenda do rei Ramiro e as armas de Viseu e Gaia$fArmando de Mattos$gpref. Fidelino de Figueiredo 205 ## $aReed 210 #9 $aVila Nova de Gaia$cAssociação Cultural Amigos de Gaia,$dimp. 2001 215 ## $a160 p., [4] f.$cil.$d20 cm 324 ## $aEd. facsimilada da edição de 1933 675 ## $a908(469.312)$vBN$zpor$3292793 675 ## $a929.6(469.312)$vBN$zpor$31162311 675 ## $a929.6(469.121.28)$vBN$zpor$31162312 675 ## $a908(469.121.28)$vBN$zpor$31162313 675 ## $a821.134.3-4"19"$vBN$zpor$3288579 675 ## $a821.134.3-34"19"$vBN$zpor$3294228 700 #1 $aMatos,$bArmando de,$f1899-1953$388248 702 #1 $aFigueiredo,$bFidelino de,$f1888-1967$4080$337830 801 #0 $aPT$bBN$gRPC 966 ## $lBN$mFGMON$sL. 91612 P.$x1 966 ## $lBN$mFGMON$sL. 91612 P.$x1
Etiqueta de registo: 00641cam 2200205 450 001 1022998 003 http://id.bnportugal.gov.pt/bib/catbnp/1022998 005 20000531132300.0 100 ## $a20000524d1936 m y0pory0103 ba 101 0# $apor 102 ## $aPT 105 ## $ay z 001gy 106 ## $ar 200 1# $aRefúgio$fBernardo de Passos$gpref. Fidelino de Figueiredo 210 #9 $aLisboa$c[s.n.],$d1936$eLisboa :$gTip. Americana) 215 ## $a177, [6] p.$d20 cm 225 2# $aObras completas de Bernardo de Passos 700 #1 $aPassos,$bBernardo de,$f1876-1930$359633 702 #1 $aFigueiredo,$bFidelino de,$f1888-1967$4080$337830 801 #0 $aPT$bBN$gRPC 966 ## $lBN$mFGMON$pDoação Jaime Cortesão$sL. 88180 P.$x3
Etiqueta de registo: 00486cam 02200169 04500 001 562781 003 http://id.bnportugal.gov.pt/bib/catbnp/562781 100 ## $a19990922d1951 m y0pory01030103ba 101 0# $apor 102 ## $aBR 105 ## $ay z 000yy 106 ## $ar 200 1# $a Um coleccionador de angústias$fFidelino de Sousa Figueiredo 210 #9 $aSão Paulo$cCompanhia Editora Nacional,$dimp. 1951 215 ## $a203, [3] p.$d22 cm 317 ## $aBiblioteca Jorge de Sena$5PTBN: J.S. 2120 518 1# $a Um colecionador de angústias 700 #1 $aFigueiredo,$bFidelino de,$f1888-1967$337830 801 #0 $aPT$bBN$gRPC 966 ## $lBN$mFGMON$pBiblioteca Jorge de Sena$sJ.S. 2120$x3 966 ## $lBN$mFGMON$sL. 41949 P.
Etiqueta de registo: 00497cam 2200181 450 001 433514 003 http://id.bnportugal.gov.pt/bib/catbnp/433514 005 19981231000000.0 095 ## $aPTBN00462717 100 ## $a19911109d1914 km y0pory0103 ba 101 0# $apor 102 ## $aPT 200 1# $aPortugal nas guerras europeias$fFidelino de Figueiredo 210 #9 $aLisboa$cA. M. Teixeira,$d1914 215 ## $aVI, 84 p., [2] f.$d23 cm 700 #1 $aFigueiredo,$bFidelino de,$f1888-1967$337830 801 #0 $aPT$bBN$gRPC 856 40 $2Cópia digital disponível em Archive.org $uhttps://archive.org/details/portugalnasguerr00figu/page/n4 966 ## $lBN$mFGMON$sH.G. 7802 V. 998 ## $aCI357-225
Etiqueta de registo: 00874cam 022002651 04500 001 103346 003 http://id.bnportugal.gov.pt/bib/catbnp/103346 005 19981120033500.0 095 ## $aPTBN00107436 100 ## $a19901221d1922 km y0pora0103 ba 101 0# $apor 102 ## $aPT 200 0# $aPara a historia da philosophia em Portugal$esubsídio bibliographico$fFidelino de Figueiredo 210 #9 $aPorto$c[s.n.],$d1922$ePorto :$gTyp. Emp. Litteraria e Typographica) 215 ## $a33, [2] p.$d27 cm 305 ## $aSep. Rev. de História, 11 518 1# $aPara a história da filosofia em Portugal 606 ## $j[Bibliografias]$2BNP$3288700 675 ## $a012$vmed$zpor$3289884 675 ## $a101$vmed$zpor$3299170 700 #1 $aFigueiredo,$bFidelino de,$f1888-1967$337830 801 #0 $aPT$bBN$gRPC 966 ## $lBN$mFGMON$sB. 9212 V. 998 ## $aCR403 - 00125
Etiqueta de registo: 00230nbm 2200025 450 001 1764982 003 http://id.bnportugal.gov.pt/bib/catbnp/1764982 100 ## $a20121211d1932----m--y0pory01030103ba 101 0# $apor 102 ## $aPT 106 ## $ah 200 1# $a [ Carta], 1932 Agosto 19, Lisboa [a] António Sá Nogueira, Lisboa$bManuscrito]$fFidelino de Figueiredo 210 #1 $d1932 215 ## $a[3] p.$d17 cm 300 ## $aDactiloscrito com ass. autógr. 700 #1 $aFigueiredo,$bFidelino de,$f1888-1967$337830 702 #1 $aNogueira,$bAntónio Sá,$f1891 -$4660$3109310 801 #0 $aPT$bBN$gRPC 966 ## $lBN$mRESESP$pLeilão Artes e Letras, 22 a 24 Nov. 2010, lote nº 199$sEsp. A/6302$x2
Etiqueta de registo: 00618cam 022001931 04500 001 716653 003 http://id.bnportugal.gov.pt/bib/catbnp/716653 005 19990108000000.0 095 ## $aPTBN00503739 100 ## $a19931014d1938 km y0pory0103 ba 101 0# $afre 102 ## $aPT 200 1# $aAprés Eça de Queiroz...$eperspective de la literature portugaise contemporaine$fFidelino de Sousa Figueiredo 210 #9 $aLisboa$cInstitut Français au Portugal,$d1938 215 ## $a37 p.$d24 cm 305 ## $aSep. do Buletin des Études Portugaises, 2 700 #1 $aFigueiredo,$bFidelino de,$f1888-1967$337830 801 #0 $aPT$bBN$gRPC 966 ## $lBN$mFGMON$sL. 12452//6 V. 998 ## $aCB029-138
Etiqueta de registo: 00892nam 02200289 04500 001 1737197 003 http://id.bnportugal.gov.pt/bib/catbnp/1737197 010 ## $a978-972-562-357-2 021 ## $aPT$b281965/08 100 ## $a20100211d2008 m y0pory0103 ba 101 0# $apor 102 ## $aPT 105 ## $ay z 001yy 106 ## $ar 200 1# $aCasamento perfeito$fDiogo de Paiva de Andrada$gpref. e notas Fidelino de Figueiredo 205 ## $a3ª ed 210 #9 $aLisboa$cSá da Costa,$d2008 215 ## $a166 p.$d23 cm 225 2# $aClássicos 675 ## $a821.134.3-9$vmed$zpor$3288136 700 #1 $aAndrade,$bDiogo de Paiva de,$f1576-1660$3152107 702 #1 $aFigueiredo,$bFidelino de,$f1888-1967$4080$337830 801 #0 $aPT$bBN$gRPC 900 ## $aBIBNAC$d20100405 966 ## $lBN$mFGMON$sL. 102209 V.$x1
Etiqueta de registo: 00000nam 2200025 450 001 1917420 003 http://id.bnportugal.gov.pt/bib/catbnp/1917420 010 ## $a978-85-7887-295-3 100 ## $a20151209d2015 m y0pory01030103ba 101 0# $apor 102 ## $aBR 105 ## $ay z 000yy 106 ## $ar 200 1# $aPyrene$eponto de vista para uma introdução à história comparada da literaturas portuguesa
e espanhola$fFidelino de Figueiredo$gapresentação Rita Aparecida Coelho Santos 210 #9 $aSalvador$cEDUNEB,$d2015 215 ## $a244, [4] p.$d21 cm 675 ## $a821.134.3A/Z.09$vBN$zpor$31034330 675 ## $a821.134.2A/Z.09$vBN$zpor$31043605 700 #1 $aFigueiredo,$bFidelino de,$f1888-1967$337830 702 #1 $aSantos,$bRita Aparecida Coelho$4450$31675936 801 #0 $aPT$bBN$gRPC 966 ## $lBN$mFGMON$sL. 156205 V.$x3 966 ## $lBN$mFGMON$sL. 165842 V.$x3 972 ## $e0$d20210924$vasantos$d20230822$vasantos 972 ## $e0$z0$d20230822$vasantos 973 ## $cigoulao$d20210909
Etiqueta de registo: 00926cam 02200265 04500 001 97295 003 http://id.bnportugal.gov.pt/bib/catbnp/97295 005 19981119192900.0 095 ## $aPTBN00101159 100 ## $a19981119d1916 k y0pory0103 ba 101 0# $apor 102 ## $aPT 105 ## $ay z 000yy 106 ## $ar 200 0# $aHistoria da critica litteraria em Portugal$eda renascença à actualidade$fFidelino de Figueiredo 205 ## $a2ª ed., rev. e seguida de apendices documentarios 210 #9 $aLisboa$cLivr. Clássica Editora,$d1916 215 ## $a230, [1] p.$d23 cm 225 2# $aBibliotheca de estudos históricos nacionaes$v2 518 1# $aHistória da crítica literária em Portugal 675 ## $a821.134.3"15/19".09(091)$vBN$zpor$31524198 700 #1 $aFigueiredo,$bFidelino de,$f1888-1967$337830 801 #0 $aPT$bBN$gRPC 966 ## $lBN$mFGMON$sL. 7987 V. 966 ## $lBN$mFGMON$sL. 117667 V.$x3 997 ## $aBIBEOD 998 ## $aCR198 - 00370
Etiqueta de registo: 00976nam 2200325 450 001 1720236 003 http://id.bnportugal.gov.pt/bib/catbnp/1720236 010 ## $a978-972-665-518-3 021 ## $aPT$b261842/07 100 ## $a20090728d2007 km y0pora0103 ba 101 0# $apor 102 ## $aPT 105 ## $ay z 001yy 106 ## $ar 200 1# $aHistória da civilização ibérica$fOliveira Martins$gnota inicial de Guilherme d'Oliveira Martins$gpref. Fidelino de Figueiredo 205 ## $a13ª ed 210 #9 $aLisboa$cGuimarães Editores,$d1994 215 ## $a255, [1] p.$d24 cm 225 2# $aIn folio.$iClássicos 320 ## $aBibliografia, p. 253-255 675 ## $a94(46)".../18"$vBN$zpor$31391118 700 #1 $aMartins,$bOliveira,$f1845-1894$328416 702 #1 $aMartins,$bGuilherme de Oliveira,$f1952-$4080$325007 702 #1 $aFigueiredo,$bFidelino de,$f1888-1967$4080$337830 801 #0 $aPT$bBN$gRPC 900 ## $aBIBNAC$d20091020 966 ## $lBN$mFGMON$sH.G. 57587 V.$x1 966 ## $lBN$mFGMON$sH.G. 57587 V.-D$x1
Etiqueta de registo: 00574cam 2200181 450 001 1009436 003 http://id.bnportugal.gov.pt/bib/catbnp/1009436 005 19991222174100.0 100 ## $a19991218e1961 m y0pory01030103ba 101 0# $apor 102 ## $aPT 105 ## $ay z 000yy 106 ## $ar 200 1# $a Os séculos XV e XVI$eidéias para uma introdução$fFidelino de Figeiredo 210 #9 $a[S.l.$cs.n.],$d1961 215 ## $a12 p.$d23 cm 305 ## $aSep. de: Revista de Letras, V. 2 (1961) 675 ## $a94(469)"14/15"(042)$vBN$zpor$31199628 675 ## $a930.23(042)$vBN$zpor$31267767 700 #1 $aFigueiredo,$bFidelino de,$f1888-1967$337830 801 #0 $aPT$bBN$gRPC 966 ## $lBN$mFGMON$nEx. com dedicatória do autor$pDoação Jaime Cortesão$sH.G. 74274 V.$x3 966 ## $lBN$mFGMON$nEx. com dedicatória do autor$pBiblioteca José Marinho$sS.A. 90072 V.$x3
Etiqueta de registo: 00534cam 22001931 450 001 414600 003 http://id.bnportugal.gov.pt/bib/catbnp/414600 005 19981231000000.0 095 ## $aPTBN00443231 100 ## $a19930320d1922 m y0pory0103 ba 101 0# $apor 102 ## $aPT 200 1# $aEpicurismos$fFidelino de Figueiredo 210 #9 $aLisboa$cEmpresa Literária Fluminense,$d1922 215 ## $a286 p.$d19 cm 700 #1 $aFigueiredo,$bFidelino de,$f1888-1967$337830 801 #0 $aPT$bBN$gRPC 966 ## $lBN$mFGMON$nDoação Brito Rato$sB.R. 6409 966 ## $lBN$mFGMON$sL. 30045 P. 998 ## $aFS125-257
Etiqueta de registo: 00254nbm 2200025 450 001 2286800 003 http://id.bnportugal.gov.pt/bib/catbnp/2286800 100 ## $a20260525d19271928k y0pory01030103ba 101 0# $apor 102 ## $aPT 105 ## $ay z 000yy 106 ## $ah 200 1# $a [ Ordens de Serviço de Fidelino de Figueiredo, Director da Biblioteca Nacional de
Lisboa, relativas à gestão de pessoal, nomeadamente, faltas, vencimentos, horário
de trabalho, marcação de ponto, situações de indisciplina, substituição de funcionários
por suspensão de exercício, admissões, concursos, e referentes ao funcionamento da
biblioteca, designadamente, organização, regulamentos, regras de catalogação, aquisições,
remodelação do serviço de empréstimo, convocação de reuniões, vigilância na sala de
leitura, queixas dos leitores, entre outros assuntos] 210 #1 $aLisboa,$d17 de Fevereito de 1927-22 de Dezembor de 1928 215 ## $a68 doc. (74 f.)$d28 cm 300 ## $aCópias e originais assinados por Fidelino de Figueiredo, Pedro de Azevedo e Joaquim
Gualdino Gomes 321 1# $aInventário do Arquivo Histórico da Biblioteca Nacional: 1796-1950. Lisboa: BN, 1996.
P. 56-57 700 #1 $aFigueiredo,$bFidelino de,$f1888-1967$337830 701 #1 $aAzevedo,$bPedro de,$f1869-1928$4070$312289 701 #1 $aGomes,$bJoaquim Gualdino,$f1858-1948$4070$31760933 801 #0 $aPT$bBN$gRPC 966 ## $lBN$mRESARQ$sAHBN/CR/08/Cx. 02-Mc. 05- 01-66 971 ## $cmrosario$d20260525
Etiqueta de registo: 00517nam 22001691i 450 001 1282077 003 http://id.bnportugal.gov.pt/bib/catbnp/1282077 100 ## $a20020801d1935 m y0pory0103 ba 101 0# $apor 102 ## $aES 200 1# $a O dever dos intelectuais$fPor Fidelino de Figueiredo 210 #9 $aMadrid$cC. Bermejo$d1935 215 ## $a27 p.$cil.$d25 cm 305 ## $aPublicado en la Revista Las Ciencias de Madrid, 2, 2 700 #1 $aFigueiredo,$bFidelino de,$f1888-1967$337830 801 #0 $aPT$bBN 801 #1 $aFR$bJOUVE 966 ## $lBN$mFGMON$sP. 2997 V.$x0
Etiqueta de registo: 00561cam 2200205 450 001 1292528 003 http://id.bnportugal.gov.pt/bib/catbnp/1292528 100 ## $a20041016d1946 m y0pory0103 ba 101 0# $apor 102 ## $aBR 105 ## $ay z 001yy 106 ## $ar 200 1# $aHistória da literatura romântica$fFidelino de Figueiredo 205 ## $a3ª ed. rev. 210 #9 $aSão Paulo$cAnchieta,$d1946 215 ## $a343, [7] p.$d21 cm 225 2# $aObras completas$v4 675 ## $a821.134.3.02$vBN$zpor$31166567 675 ## $a821.134.3.(091)$vBN$zpor$31020174 700 #1 $aFigueiredo,$bFidelino de,$f1888-1967$337830 801 #0 $aPT$bBN$gRPC 966 ## $lBN$mFGMON$pDoação Adolfo Casais Monteiro$sL. 79061 V.$x3 966 ## $lBN$mFGMON$sL. 13633 V.
Etiqueta de registo: 00680nam 2200289 450 001 1306499 003 http://id.bnportugal.gov.pt/bib/catbnp/1306499 100 ## $a20041129d1946 mk y0pory0103 ba 101 0# $apor 102 ## $aBR 105 ## $ay z 001yy 106 ## $ar 200 1# $aHistória da literatura realista$e(1871-1900)$ecom apêndices sobre a Literatura e a Historiografia de 1900 à actualidade$fFidelino de Figueiredo 205 ## $a3ª ed. revista 210 #9 $aSão Paulo$cEd. Anchieta,$d1946 215 ## $a561, [7] p.$d21 cm 225 2# $aObras completas$v5 675 ## $a82.09(091)$vBN$zpor$3491168 700 #1 $aFigueiredo,$bFidelino de,$f1888-1967$337830 801 #0 $aPT$bBN$gRPC 966 ## $lBN$mFGMON$pDoação Adolfo Casais Monteiro$sL. 80323 V.$x3 966 ## $lBN$mFGMON$nFaltam as páginas 403-418. Cota antiga L. 13634 V.$sTR. 3743 V.$x3
Etiqueta de registo: 00470cam 2200169 450 001 989858 003 http://id.bnportugal.gov.pt/bib/catbnp/989858 005 19991123123600.0 095 ## $aPTBN01002105 100 ## $a19980707d1929 m y0pory0103 ba 101 0# $apor 102 ## $aPT 200 1# $a Uma viagem á Fobolandia$e ( quási novela)$fFidelino de Figueiredo 210 #9 $aPôrto$c[s.n.,$d1929] 215 ## $a11 p.$d17 cm 700 #1 $aFigueiredo,$bFidelino de,$f1888-1967$337830 801 #0 $aPT$bBN$gRPC 966 ## $lBN$mFGMON$sH.G. 23019//3 P.
Etiqueta de registo: 00637cam 022002051 04500 001 80041 003 http://id.bnportugal.gov.pt/bib/catbnp/80041 005 19981118100400.0 095 ## $aPTBN00083192 100 ## $a19540301d1954 m y0pora0103 ba 101 0# $apor 102 ## $aPT 200 1# $aHistória da civilização ibérica$fJoaquim Pedro de Oliveira Martins$gpref. Dr. Fidelino de Figueiredo 210 #9 $aLisboa$cGuimaräes & Cª Editores,$d1954 215 ## $a1 v.$d21 cm 675 ## $a94(46)".../18"$vBN$zpor$31391118 700 #1 $aMartins,$bOliveira,$f1845-1894$328416 702 #1 $aFigueiredo,$bFidelino de,$f1888-1967$4080$337830 801 #0 $aPT$bBN$gRPC 966 ## $lBN$mFGMON$pDoação Brito Rato$sB.R. 6023$x3 966 ## $lBN$mFGMON$sH.G. 29060 P. 998 ## $aCR187 - 00138
Etiqueta de registo: 00892c 02200289 04500 001 85761 003 http://id.bnportugal.gov.pt/bib/catbnp/85761 005 20020912121200.0 095 ## $aPTBN00089126 100 ## $a19950901d1982 m y0pory0103 ba 101 0# $apor 102 ## $aPT 105 ## $ay z 001yy 106 ## $ar 200 1# $aCasamento perfeito$fDiogo de Paiva de Andrada$gpref. e notas Fidelino de Figueiredo 205 ## $a2ª ed 210 #9 $aLisboa$cSá da Costa,$d1982 215 ## $aXXXII, 206, [1] p.$d19 cm 225 2# $aClássicos Sá da Costa 675 ## $a821.134.3-9$vmed$zpor$3288136 700 #1 $aAndrade,$bDiogo de Paiva de,$f1576-1660$3152107 702 #1 $aFigueiredo,$bFidelino de,$f1888-1967$4080$337830 801 #0 $aPT$bBN$gRPC 966 ## $lBN$mFGMON$sL. 75998 P. 966 ## $lBN$mFGMON$pBiblioteca Cordeiro Pereira$sL. 91547 P.$x3 998 ## $aCR409 - 00026
Etiqueta de registo: 00778cam 02200241 04500 001 367273 003 http://id.bnportugal.gov.pt/bib/catbnp/367273 005 20030107130800.0 095 ## $aPTBN00391930 100 ## $a19920907d1907 m y0pory0103 ba 101 0# $apor 102 ## $aPT 200 1# $a Os melhores sonetos da lingua portuguesa$edesde Sá de Miranda ...$fFidelino de Figueiredo 210 #9 $aLisboa$cTyp. Liv. Central de Gomes de Carvalho,$d1907 215 ## $a1 v.$d8º 700 #1 $aFigueiredo,$bFidelino de,$f1888-1967$337830 801 #0 $aPT$bBN$gRPC 966 ## $lBN$mFGMON$sL. 6904//3 V. $x0 966 ## $lBN$mFGMON$sL. 6992 V.$x0 966 ## $lBN$mFGMON$sL. 7039//1 V. $x0 966 ## $lBN$mFGMON$sL. 7040 V.$x0 966 ## $lBN$mFGMON$sL. 45952 P. 966 ## $lBN$mRESIMP$sCAM. 447 P. 997 ## $aBIBEOD
Etiqueta de registo: 02230cas 02200469 04500 001 90480 003 http://id.bnportugal.gov.pt/bib/catbnp/90480 005 19981119104500.0 095 ## $aPTBN00094029 100 ## $a19981119b19251926km y0pora01030103ba 101 0# $apor 102 ## $aPT 106 ## $ar 110 ## $aafazz 0xx0 200 1# $aPortugália$erevista de cultura, tradição e renovação nacional$fpropr. e ed. Conselho Director Central das Juventudes Monarchicas Conservadoras$gdir. Fidelino de Figueiredo 207 #0 $aV. 1, nº 1 (out. 1925) - v. 1, nº 6 (mar. 1926) 210 #9 $aLisboa$cJ.M.C.,$d1925-1926 215 ## $d23 cm 303 ## $aA numeração da 1ª página é: a. 1, nº 1 (maio 1925) 326 ## $aMensal 620 ## $dLisboa 675 ## $a008(469)(05)$vBN$zpor$3298836 702 #1 $aFigueiredo,$bFidelino de,$f1888-1967$4300$337830 712 02 $aJuventudes Monárquicas Conservadoras$4650$3102509 801 #0 $aPT$bBN$gRPC 856 40 $uhttps://purl.pt/283 856 41 $uhttps://purl.pt/283/service/media/cover/low 856 49 $uhttps://purl.pt/283/service/media/pdf$qapplication/pdf 930 ## $dJ. 2314 B.$jV. 1, n 1 (Out. 1925)-v. 1, n 6 (Mar. 1926)$lBN$mSG 930 ## $dJ. 2314 B.$jV. 1, n 1 (Out. 1925)-v. 1, n 6 (Mar. 1926)$lBN$mSG 930 ## $dJ. 2314 B.$jV. 1, n 1 (Out. 1925)-v. 1, n 6 (Mar. 1926)$lBN$mSG 930 ## $dJ. 2314 B.$jV. 1, n 1 (Out. 1925)-v. 1, n 6 (Mar. 1926)$lBN$mSG 930 ## $dJ. 2314 B.$jV. 1, n 1 (Out. 1925)-v. 1, n 6 (Mar. 1926)$lBN$mSG 930 ## $dJ. 2314 B.$jV. 1, n 1 (Out. 1925)-v. 1, n 6 (Mar. 1926)$lBN$mSG 930 ## $dJ. 2314 B.$jV. 1, n 1 (Out. 1925)-v. 1, n 6 (Mar. 1926)$lBN$mSG 958 ## $aBND$bLivre$cDigitalizado$d1$ehttps://purl.pt/283/service/media/cover/max 966 ## $lBN$mBND$nDigitalização do original: J. 2314 B.$sPURL 283/0 966 ## $lBN$mBND$nDigitalização do original: J. 2314 B.$sPURL 283/1 966 ## $lBN$mBND$nDigitalização do original: J. 2314 B.$sPURL 283/2 966 ## $lBN$mBND$nDigitalização do original: J. 2314 B.$sPURL 283/3 966 ## $lBN$mBND$nDigitalização do original: J. 2314 B.$sPURL 283/4 966 ## $lBN$mFGJOR$nDigitalizado em: PURL 283$sJ. 2314 B.$x1
Etiqueta de registo: 00607cam 022002051 04500 001 92949 003 http://id.bnportugal.gov.pt/bib/catbnp/92949 005 19981119142800.0 095 ## $aPTBN00096555 100 ## $a19931221d1957 k y pory0103 ba 101 0# $apor 102 ## $aPT 200 1# $a Uma carta sobre criteriologia literária$fFidelino Sousa de Figueiredo 210 #9 $aLisboa$c[s.n.],$d1957 215 ## $a13 p.$d24 cm 305 ## $aSep. Miscelânea de Estudos em honra do prof. Hernâni Cidade 675 ## $a869.0$vmed$zpor$3288129 700 #1 $aFigueiredo,$bFidelino de,$f1888-1967$337830 801 #0 $aPT$bBN$gRPC 966 ## $lBN$mFGMON$sL. 14719 V. 998 ## $aCR185 - 00132
Etiqueta de registo: 01084cam 022003131 04500 001 97288 003 http://id.bnportugal.gov.pt/bib/catbnp/97288 005 20030110131600.0 095 ## $aPTBN00101152 100 ## $a19900101d1913 m y0pory0103 ba 101 0# $apor 102 ## $aPT 105 ## $ay z 001yy 106 ## $ar 200 0# $aHistoria da litteratura romantica portuguesa$e1825-1870$fFidelino de Figueiredo 210 #9 $aLisboa$cLivr. Clássica Editora de A. M. Teixeira,$d1913 215 ## $a322 p.$d20 cm 225 2# $aBibliotheca de estudos historicos nacionaes$v4 518 1# $aHistória da literatura romântica portuguesa 675 ## $a869.0(091)$vBN$zpor$3290813 700 #1 $aFigueiredo,$bFidelino de,$f1888-1967$337830 801 #0 $aPT$bBN$gRPC 856 40 $2Cópia Digital disponível em: Archive.org$uhttps://archive.org/details/historiadalitter00figuuoft 966 ## $lBN$mFGMON$sL. 18704 V.$x2 966 ## $lBN$mFGMON$pDoação Jaime Cortesão$sL. 59920 V.$x3 998 ## $aCR198 - 00363
Etiqueta de registo: 00538c 22001931 450 001 97287 003 http://id.bnportugal.gov.pt/bib/catbnp/97287 005 20021127115500.0 095 ## $aPTBN00101151 100 ## $a19981119d1922 m y0pora0103 ba 101 0# $apor 102 ## $aPT 200 1# $aPara a história da filosofia em Portugal 210 #9 $aPorto$cTip. da Emp. Literária e Tipográfica,$d1922 215 ## $a1 v.$d30 cm 700 #1 $aFigueiredo,$bFidelino de,$f1888-1967$337830 801 #0 $aPT$bBN$gRPC 966 ## $lBN$mFGMON$sB. 9212 V.$x0 966 ## $lBN$mFGMON$sS.A. 5133//6 A. $x0 998 ## $aCR198-362
Etiqueta de registo: 02216c 022003611 04500 001 97296 003 http://id.bnportugal.gov.pt/bib/catbnp/97296 005 19981119192900.0 095 ## $aPTBN00101160 100 ## $a19881202d1932 km y0pora0103 ba 101 0# $apor 102 ## $aPT 200 1# $a A épica portuguesa no século XVI$fFidelino de Figueiredo 210 #9 $aGaia$cPátria,$d1932 215 ## $a1 v.$d23 cm 481 #1 $10011249060$c[S.l..s.n.],$d[1932$tLições da vida -verso livre$5PTBN: L. 11717//2 V. 481 #1 $10011249059$aRodrigues, A. Gonçalves, 1906-1999$cCoimbra.[s.n.],$d1932$tSobre a autoria das "Lettres Portugaises"$5PTBN: L. 11717//3 V. 481 #1 $10011249057$cLisboa.[Bertrand (Irmãos) Lda]$d1932$tTostão Teatral$5PTBN: L. 11717//4 V. 481 #1 $10011249056$aLorena, João de Carvalho Daun e, 1879-1944$cPraia.Imp. Nacional,$d1932$tLiceu Central Infante D. Henrique, São Vicente - Cabo Verde$5PTBN: L. 11717//5 V. 481 #1 $10011249055$aJardim, Alberto F., 1882-?$cCoimbra.Coimbra Editora,$d1932$t O poema de Omar Khayyam$5PTBN: L. 11717//6 V. 481 #1 $10011249054$cPoona.B.O.R.I.,$d1928$t An appeal for contributions towards the first critical and illustrated edition of
the MahÏabhÏarata or the Great Epic of India$5PTBN: L. 11717//7 V. 481 #1 $10011249053$aGreen, F. C.$c[S.l..s.n.],$d1932$tFact and fancy in the french novel from D'Urfé to Balsac$5PTBN: L. 11717//8 V. 481 #1 $t As trovas populares em textos literários$aGomes, Lindolfo, ca 18- -$c[S.l. : s.n.],$d1932$5PTBN: L. 11717//9 V. 481 #1 $10011249050$aCarvalho, João Xavier$c[S.l..s.n.,$d1933$tAmarguras do Zé -reis para 1933$5PTBN: L. 11717//10 V. 481 #1 $tLeça da Palmeira e Antonio Nobre$aCondeixa, Jorge, pseud.$c[S.l. : s.n.]$d1932$5PTBN: L. 11717//11 V. 481 #1 $1001951476$aMatos, Ludovina Frias de, 1895-1981$cPorto.Fernando Machado,$d1933$tPalavras de amor$5PTBN: L. 11717//12 V. 481 #1 $1001951629$aPequito, Fernando$cLisboa.Imprensa Moderna,$d1932$tCravos rubros -poesias$5PTBN: L. 11717//13 V. 481 #1 $t A tese da Infanta nas líricas de Camões$aRodrigues, José Maria, 1857-1942$c[S.l. : s.n.],$d1933$5PTBN: L. 11717//14 V. 700 #1 $aFigueiredo,$bFidelino de,$f1888-1967$337830 801 #0 $aPT$bBN$gRPC 966 ## $lBN$mFGMON$sL. 11612//3 V. 966 ## $lBN$mFGMON$sL. 11717 V.$x0 966 ## $lBN$mFGMON$sL. 31224 V. 998 ## $aCR198 - 00371
Etiqueta de registo: 00743cam 022002411 04500 001 875613 003 http://id.bnportugal.gov.pt/bib/catbnp/875613 005 19990128000000.0 095 ## $aPTBN00632992 100 ## $a19910920d1927 m y0pory0103 ba 101 0# $aspa 102 ## $aES 200 1# $aBajo las cenizas del Tedio$eromance de una conciencia 210 #9 $aBarcelona$cConsultor Bibliográfico,$d1927 215 ## $a161 p.$d9 cm. 675 ## $a869.0-31 Figueiredo, F.$vBN$zpor$3786207 700 #1 $aFigueiredo,$bFidelino de,$f1888-1967$337830 702 #1 $ade Cossio,$bJosé Maria$3241153 702 #1 $93$aPereira,$bCarlos$3284757 702 #1 $aRicard,$bRobert,$f1900-1984$378651 801 #0 $aPT$bBN$gRPC 966 ## $lBN$mFGMON$sL. 40900 P. 998 ## $aUCB36-842
Etiqueta de registo: 00616cam 22001931 450 001 854143 003 http://id.bnportugal.gov.pt/bib/catbnp/854143 005 20000630163400.0 095 ## $aPTBN00608753 100 ## $a19940615d1917 k y0pory0103 ba 101 0# $apor 102 ## $aPT 200 1# $aAntologia geral da literatura portuguesa$e1189-1900$fseleção, prefacio e notas de Fidelino de Figueiredo 210 #9 $aLisboa$cLivraria Clássica Editora,$d1917 215 ## $a659 p.$d22 cm 675 ## $a869.0$vBN$zpor$3288129 702 #1 $aFigueiredo,$bFidelino de,$f1888-1967$4220$337830 801 #0 $aPT$bBN$gRPC 966 ## $lBN$mFGMON$sL. 8106 V.$x0 997 ## $aBIBEOD
Etiqueta de registo: 00611cam 22002171 450 001 839102 003 http://id.bnportugal.gov.pt/bib/catbnp/839102 005 19990126000000.0 095 ## $aPTBN00492966 100 ## $a19930928d1957 m y0pory0103 ba 101 0# $apor 102 ## $aPT 200 1# $aDiálogo ao espelho$fFidelino Sousa de Figueiredo 210 #9 $aLisboa$cGuimaräes Editores,$d1957 215 ## $a177 p.,[2] f.$d20 cm 675 ## $a821.134.3-4"19"$vBN$zpor$3288579 700 #1 $aFigueiredo,$bFidelino de,$f1888-1967$337830 801 #0 $aPT$bBN$gRPC 966 ## $lBN$mFGMON$sL. 46094 P. 998 ## $aCR319-349
Etiqueta de registo: 00642cam 2200205 450 001 800855 003 http://id.bnportugal.gov.pt/bib/catbnp/800855 005 20000208132900.0 095 ## $aPTBN00588921 100 ## $a19990110d1925 m y0pory0103 ba 101 0# $apor 102 ## $aPT 106 ## $ar 200 1# $aLitteratura e história$fJ. M. Latino Coelho$gpref. de Fidelino de Figueiredo 210 #9 $aLisboa$cEmpr. Literária Fluminense,$d1925 215 ## $a340, [3] p.$d19 cm 518 1# $aLiteratura e história 700 #1 $aCoelho,$bLatino,$f1825-1891$348538 702 #1 $aFigueiredo,$bFidelino de,$f1888-1967$4080$337830 801 #0 $aPT$bBN$gRPC 966 ## $lBN$mFGMON$pBiblioteca Álvaro Ribeiro$sL. 89975 P.$x3 966 ## $lBN$mRESIMP$sCAM. 1052 P.
Etiqueta de registo: 00556cam 02200193 04500 001 786504 003 http://id.bnportugal.gov.pt/bib/catbnp/786504 005 19990109000000.0 095 ## $aPTBN00574288 100 ## $a19940328d1952 k y0pory0103 ba 101 1# $aspa 102 ## $aAR 200 1# $a Los Lusiadas$fLuis de Camoens$gpról. de Fidelino de Figueiredo 210 #9 $aBuenos Aires$cEspasa-Calpe,$d1952 215 ## $a217, 6 p.$d17 cm 225 2# $aAustral 675 ## $a821.134.3-13"15"$vBN$zpor$3558269 700 #1 $aCamões,$bLuís de,$f1524-1580$310642 702 #1 $aFigueiredo,$bFidelino de,$f1888-1967$4080$337830 801 #0 $aPT$bBN$gRPC 966 ## $lBN$mRESIMP$sCAM. 776 P.
Etiqueta de registo: 00643c 22002171 450 001 97291 003 http://id.bnportugal.gov.pt/bib/catbnp/97291 005 20000118133300.0 095 ## $aPTBN00101155 100 ## $a19901230d1918 cd y0pora0103 ba 101 0# $apor 102 ## $aPT 106 ## $ar 200 1# $aHistória da literatura portuguesa$emanual escolar$fFidelino de Figueiredo 210 #9 $aLisboa$cLiv. Clássica Editora,$d1918 215 ## $a231 p.$d19 cm 700 #1 $aFigueiredo,$bFidelino de,$f1888-1967$337830 801 #0 $aPT$bBN$gRPC 966 ## $lBN$mFGMON$sL. 8628 V.$x0 966 ## $lBN$mFGMON$pBiblioteca José Marinho$sL. 89779 P.$x3 997 ## $aBIBEOD 998 ## $aCR198 - 00366
Etiqueta de registo: 00623cam 2200205 450 001 737255 003 http://id.bnportugal.gov.pt/bib/catbnp/737255 100 ## $a19931217d1944 m y0pory01030103ba 101 0# $apor 102 ## $aPT 105 ## $ay z 000ay 106 ## $ar 200 1# $aCasamento perfeito$fDiogo de Paiva de Andrade$gpref. e notas Fidelino de Figueiredo 210 #9 $aLisboa$cSá da Costa,$d1944 215 ## $aXXXII, 206 p.$d25 cm 225 2# $aClássicos Sá da Costa 317 ## $aBiblioteca Jorge de Sena$5PTBN: J.S. 4328 675 ## $a821.134.3-4"15/16"$vBN$zpor$3313965 700 #1 $aAndrade,$bDiogo de Paiva de,$f1576-1660$3152107 702 #1 $aFigueiredo,$bFidelino de,$f1888-1967$4080$337830 801 #0 $aPT$bBN$gRPC 966 ## $lBN$mFGMON$pBiblioteca Jorge de Sena$sJ.S. 4328$x3 966 ## $lBN$mFGMON$sL. 13177 V. 966 ## $lBN$mFGMON$sL. 99636 P.$x6
Etiqueta de registo: 01377cam 02200349 04500 001 725321 003 http://id.bnportugal.gov.pt/bib/catbnp/725321 005 19990108000000.0 010 ## $a972-27-0587-3 021 ## $aPT$b66756/93 095 ## $aPTBN00512500 100 ## $a19931116e19931950m y0pory0103 ba 101 0# $apor 102 ## $aPT 105 ## $aah z 001yy 106 ## $ar 200 1# $a A Épica portuguesa no século XVI$fFidelino de Figueiredo 205 ## $aEd. fac-similada$fapresentação António Soares Amora 210 #9 $a[Lisboa]$cImpr. Nacional-Casa da Moeda,$dimp. 1993 215 ## $a585, [4] p., XIII f. il.$cil.$d24 cm 327 1# $aContém tb. em apêndices fac simil. de : Ainda a épica portuguesa ; Variações sobre
o espírito épico ; Os séculos XV e XVI ; Inventários bibliográficos / Fidelino Figueiredo
. Bibliografia de e acerca de Fidelino Figueiredo / Neusa Dias de Macedo 675 ## $a869.0-13 Camões,Luís de.09$vBN$zpor$3713010 675 ## $a869.0"15".09$vBN$zpor$3552649 700 #1 $aFigueiredo,$bFidelino de,$f1888-1967$337830 702 #1 $aAmora,$bAntônio Soares,$f1917-1999$4450$34409 702 #1 $aMacedo,$bNeusa Dias de$4070$3114565 801 #0 $aPT$bBN$gRPC 966 ## $c2$lBN$mRESIMP$sCAM. 1765 V.$x1 966 ## $c2$lBN$mRESIMP$sCAM. 1765 V.$x1
Etiqueta de registo: 00613cam 02200205 04500 001 719576 003 http://id.bnportugal.gov.pt/bib/catbnp/719576 005 19990108000000.0 095 ## $aPTBN00506680 100 ## $a19910502d19 km y0pory0103 ba 101 0# $apor 102 ## $aPT 105 ## $ay z 000yy 106 ## $ar 200 1# $a Um século de relações luso brasileiras (1825-1925)$fFidelino de Figueiredo 210 #9 $aLisboa$cEmp. Literaria Fluminense,$d[19--] 215 ## $a28 p.$d22 cm 700 #1 $aFigueiredo,$bFidelino de,$f1888-1967$337830 801 #0 $aPT$bBN$gRPC 966 ## $lBN$mFGMON$sH.G. 14860//25 V. 966 ## $lBN$mFGMON$sH.G. 22465//4 P. 966 ## $lBN$mFGMON$sH.G. 22466//13 P. $x1 997 ## $aBIBEOD 998 ## $aCI255-45
Etiqueta de registo: 00749cam 02200229 04500 001 490090 003 http://id.bnportugal.gov.pt/bib/catbnp/490090 005 20000525085600.0 095 ## $aPTBN00692891 100 ## $a19950221d1925 m y0pory0103 ba 101 0# $apor 102 ## $aPT 105 ## $ay z 000yy 106 ## $ar 200 0# $aDo aspecto scientifico na colonisação portuguesa da America$fFidelino de Figueiredo 210 #9 $aLisboa$cEmp. Literária Fluminense,$d[1925] 215 ## $a32 p.$d21 cm 305 ## $aSep. de: Revista de História, 14, 1925 518 1# $aDo aspecto científico na colonização portuguesa da America 700 #1 $aFigueiredo,$bFidelino de,$f1888-1967$337830 801 #0 $aPT$bBN$gRPC 966 ## $lBN$mFGMON$sH.G. 15504//4 V. $x0 966 ## $lBN$mFGMON$sH.G. 22465//5 P. 966 ## $lBN$mFGMON$sH.G. 22466//12 P. $x1
Etiqueta de registo: 00976cam 2200325 450 001 501665 003 http://id.bnportugal.gov.pt/bib/catbnp/501665 005 19990102000000.0 010 ## $a972-665-152-2 021 ## $aPT$b75226/94 095 ## $aPTBN00704534 100 ## $a19950318d1994 m y0pora0103 ba 101 0# $apor 102 ## $aPT 105 ## $ay z 001yy 106 ## $ar 200 1# $aHistória da civilização ibérica$fOliveira Martins$gpref. Fidelino de Figueiredo 205 ## $a12ª ed 210 #9 $aLisboa$cGuimarães Editores,$d1994 215 ## $a319 p.$d21 cm 225 2# $aObras completas de Oliveira Martins 320 ## $aContém bibliografia 675 ## $a94(46)".../18"$vBN$zpor$31391118 700 #1 $aMartins,$bOliveira,$f1845-1894$328416 702 #1 $aFigueiredo,$bFidelino de,$f1888-1967$4080$337830 801 #0 $aPT$bBN$gRPC 966 ## $c2$lBN$mFGMON$sH.G. 41911 V.$x1 966 ## $c2$lBN$mFGMON$sH.G. 41911 V.$x1
Etiqueta de registo: 00722cam 2200229 450 001 509344 003 http://id.bnportugal.gov.pt/bib/catbnp/509344 100 ## $a19940914d1954 k y0pory01030103ba 101 0# $apor 102 ## $aBR 105 ## $ay z 000yy 106 ## $ar 200 1# $aVariações sobre o espírito épico$fFidelino de Figueiredo 210 #9 $aSão Paulo$cFaculdade de Filosofia, Ciências e Letras,$d1954 215 ## $a59 p.$d23 cm 225 2# $aBoletim da Faculdade de Filosofia, Ciências e Letras$v166 225 2# $aLiteratura portuguesa$v11 317 ## $aBiblioteca Matilde Rosa Araújo$5PTBN: L. 173017 V. 317 ## $aBiblioteca Jorge de Sena$5PTBN: J.S. 12205 675 ## $a869.0 Camões, Luís de .09$vBN$zpor$3341418 700 #1 $aFigueiredo,$bFidelino de,$f1888-1967$337830 801 #0 $aPT$bBN$gRPC 966 ## $lBN$mFGMON$pBiblioteca João Gaspar Simões$sL. 61649 V.$x3 966 ## $lBN$mFGMON$sL. 99117 V.$x3 966 ## $lBN$mFGMON$pBiblioteca Matilde Rosa Araújo$sL. 173017 V.$x3 966 ## $lBN$mFGREV$pBiblioteca Jorge de Sena$sJ.S. 12205$x3
Etiqueta de registo: 00667cam 2200217 450 001 509345 003 http://id.bnportugal.gov.pt/bib/catbnp/509345 100 ## $a19940914d1964 k y0pory01030103ba 101 0# $apor 102 ## $aPT 105 ## $ay z 000yy 106 ## $ar 200 1# $aVariações sobre o espírito épico$eà memória do Amado Alonso$fFidelino de Figueiredo 210 #9 $a[S.l.$cs.n.]$d1964 215 ## $ap. 11-51$d23 cm 305 ## $aSep. da: Rev. de Letras, v. 5 (1964) 316 ## $aDedicatória do autor$5PTBN: L. 171299 V. 317 ## $aBiblioteca Matilde Rosa Araújo$5PTBN: L. 171299 V. 675 ## $a869.0 Camões, Luís de .09$vBN$zpor$3341418 700 #1 $aFigueiredo,$bFidelino de,$f1888-1967$337830 801 #0 $aPT$bBN$gRPC 966 ## $lBN$mFGMON$sL. 19484 V.$x0 966 ## $lBN$mFGMON$pBiblioteca Matilde Rosa Araújo$sL. 171299 V.$x3
Etiqueta de registo: 00684cam 2200217 450 001 519237 003 http://id.bnportugal.gov.pt/bib/catbnp/519237 005 19990103000000.0 095 ## $aPTBN00722266 100 ## $a19950420d1927 m y0pory0103 ba 101 1# $apor 102 ## $aPT 200 1# $a O louco amor$enovela$fRamón Maria Tenreiro$gversão de Eunice Franco$gpref. de Fidelino de Figueiredo 210 #9 $aLisboa$cCol. Ressurgimento,$d1927 215 ## $a1 v.$d19 cm 700 #1 $aTenreiro,$bRamón Maria,$f1879-?$3173834 702 #1 $aFranco,$bEunice$4730$3173835 702 #1 $aFigueiredo,$bFidelino de,$f1888-1967$4080$337830 801 #0 $aPT$bBN$gRPC 966 ## $lBN$mFGMON$sL. 22410//2 P. 966 ## $lBN$mFGMON$sL. 22546//10 P. 966 ## $lBN$mFGMON$sL. 28641//1 P.
Etiqueta de registo: 00597cam 2200181 450 001 527210 003 http://id.bnportugal.gov.pt/bib/catbnp/527210 005 19990103000000.0 095 ## $aPTBN00730259 100 ## $a19950515d1933 km y0pory0103 ba 101 1# $aspa 102 ## $aES 200 1# $a97 sonetos portugueses$fselec. e trad. por José Maria de Cossio$gprol. de Fidelino de Figueiredo 210 #9 $a[S.l.$cs.n.],$d1933$eSantiago de Compostela :$gSeminario Conciliar) 215 ## $a183 p.$d16 cm 702 #1 $aCossío,$bJosé María de,$f1893-1977$4220$4730$334345 702 #1 $aFigueiredo,$bFidelino de,$f1888-1967$4080$337830 801 #0 $aPT$bBN$gRPC 966 ## $lBN$mFGMON$sL. 26780 P.
Etiqueta de registo: 00525cam 2200181 450 001 527846 003 http://id.bnportugal.gov.pt/bib/catbnp/527846 005 19990103000000.0 095 ## $aPTBN00730893 100 ## $a19950518d1923 m y0pory0103 ba 101 0# $apor 102 ## $aPT 200 1# $aHistória da literatura portuguesa$emanual escolar$fFidelino de Sousa Figueiredo 205 ## $a2ª ed. melhorada 210 #9 $aLisboa$cA. M. Teixeira,$d1923 215 ## $a239 p.$d18 cm 700 #1 $aFigueiredo,$bFidelino de,$f1888-1967$337830 801 #0 $aPT$bBN$gRPC 966 ## $lBN$mFGMON$sL. 19719 P.
Etiqueta de registo: 00483cam 02200181 04500 001 529001 003 http://id.bnportugal.gov.pt/bib/catbnp/529001 005 19990103000000.0 095 ## $aPTBN00732052 100 ## $a19950523d1942 km y0pory01030103ba 101 0# $aeng$apor 102 ## $aUS 105 ## $ay z 000yy 106 ## $ar 200 1# $aElementary portuguese conversation$fCharles E. Kany, Fidelino de Figueiredo 210 #9 $aBoston$cD. C. Heath,$dcop. 1942 215 ## $aVI, 56 p.$d17 cm 317 ## $aBiblioteca Eva-Maria von Kemnitz$5PTBN: L. 114192 P. 675 ## $a811.134.3'24(076)$vBN$zpor$31019886 700 #1 $aKany,$bCharles Emil,$f1895-1968$3177932 701 #1 $aFigueiredo,$bFidelino de,$f1888-1967$4070$337830 801 #0 $aPT$bBN$gRPC 966 ## $lBN$mFGMON$sL. 22598//6 P. 966 ## $lBN$mFGMON$pBiblioteca Eva-Maria von Kemnitz$sL. 114192 P.$x3
Etiqueta de registo: 00752cam 2200229 450 001 529752 003 http://id.bnportugal.gov.pt/bib/catbnp/529752 005 19990103000000.0 095 ## $aPTBN00732802 100 ## $a19950524d1916 m y0pory0103 ba 101 0# $apor 102 ## $aFR$aPT$aBR 200 0# $aLitteratura contemporanea$eAnthero de Figueiredo$fFidelino de Sousa Figueiredo 205 ## $a2ª ed., rev. 210 #9 $aParis$aLisboa$aRio de Janeiro$aS. Paulo$cAillaud$cBertrand$cF. Alves,$d1916 215 ## $a64 p.$d19 cm 500 10 $aLiteratura contemporânea 700 #1 $aFigueiredo,$bFidelino de,$f1888-1967$337830 801 #0 $aPT$bBN$gRPC 966 ## $lBN$mFGMON$sL. 14300 P. 966 ## $lBN$mFGMON$sL. 20214//6 P. 966 ## $lBN$mFGMON$sL. 21690//8 P. 997 ## $aBIBEOD
Etiqueta de registo: 00764cam 2200241 450 001 531753 003 http://id.bnportugal.gov.pt/bib/catbnp/531753 005 20021217132900.0 095 ## $aPTBN00734804 100 ## $a19950601d1933 m y0pory0103 ba 101 0# $apor 102 ## $aPT 200 1# $aMenoridade da inteligência$fFidelino de Figueiredo 210 #9 $aCoimbra$cImprensa da Universidade,$d1933 215 ## $a162 p., 1 f.$d19 cm 225 2# $aBiblioteca de ensaios 700 #1 $aFigueiredo,$bFidelino de,$f1888-1967$337830 801 #0 $aPT$bBN$gRPC 966 ## $lBN$mFGMON$nBiblioteca de ensaios nº 2$pDoação Brito Rato$sB.R. 570 $x3 966 ## $lBN$mFGMON$sL. 26198 P. 966 ## $lBN$mFGMON$sL. 26199 P. 966 ## $lBN$mFGMON$sL. 59305 P.$x3 966 ## $lBN$mFGMON$sS.A. 22515 P.$x0
Etiqueta de registo: 00561cam 2200193 450 001 533416 003 http://id.bnportugal.gov.pt/bib/catbnp/533416 005 19990422174900.0 095 ## $aPTBN00736472 100 ## $a19950606d1921 m y0pory0103 ba 101 0# $apor 102 ## $aPT 200 1# $aQuero!$fCandido Ferreira$gpref. Fidelino de Figueiredo 210 #9 $aLisboa$cFerin,$d1921 215 ## $a1 v.$d19 cm 700 #1 $aFerreira,$bCândido,$f1895-1922$3787497 702 #1 $aFigueiredo,$bFidelino de,$f1888-1967$4080$337830 801 #0 $aPT$bBN$gRPC 966 ## $lBN$mFGMON$sL. 21051 P.
Etiqueta de registo: 00546cam 2200193 450 001 535378 003 http://id.bnportugal.gov.pt/bib/catbnp/535378 005 19990103000000.0 095 ## $aPTBN00738453 100 ## $a19950607f19261936km y0pory0103 ba 101 0# $apor 102 ## $aPT 200 1# $aRevoada romântica$fFidelino de Figueiredo 210 #9 $a[S.l.$cs.n.,$d193-]$ePorto :$gTip. Sequeira) 215 ## $a31 p.$d18 cm 225 2# $aSérie civilização$v1 700 #1 $aFigueiredo,$bFidelino de,$f1888-1967$337830 801 #0 $aPT$bBN$gRPC 966 ## $lBN$mFGMON$sL. 22920//17 P. 966 ## $lBN$mFGMON$sL. 27747//14 P.
Etiqueta de registo: 00584cam 02200193 04500 001 536439 003 http://id.bnportugal.gov.pt/bib/catbnp/536439 005 19990103000000.0 095 ## $aPTBN00739512 100 ## $a19950608d1926 m y0pory0103 ba 101 1# $apor 102 ## $aPT 200 1# $a O segredo$fMaria Enriqueta$gtrad. Dulce L. de Figueiredo$gpref. Fidelino Figueiredo 210 #9 $aLisboa$cEmp. Literária Fluminense,$d[1926] 215 ## $a1 v.$d20 cm 700 #1 $aEnriqueta,$bMaria$357049 702 #1 $aFigueiredo,$bDulce de$4730$3178651 702 #1 $aFigueiredo,$bFidelino de,$f1888-1967$4080$337830 801 #0 $aPT$bBN$gRPC 966 ## $lBN$mFGMON$sL. 29582 P.
Etiqueta de registo: 00617cam 2200217 450 001 544354 003 http://id.bnportugal.gov.pt/bib/catbnp/544354 100 ## $a19990707d1944 m y0pory01030103ba 101 0# $apor 102 ## $aPT 105 ## $ay z 001yy 106 ## $ar 200 1# $aMotivos de novo estilo$fFidelino de Figueiredo 205 ## $a2ª ed 210 #9 $aCoimbra$cEditorial Nobel,$d1944 215 ## $a96, [7] p.$d19 cm 225 2# $aBiblioteca de ensaios$v1 317 ## $aBiblioteca Jorge de Sena$5PTBN: J.S. 1404 675 ## $a821.134.3-4"19"$vBN$zpor$3288579 700 #1 $aFigueiredo,$bFidelino de,$f1888-1967$337830 801 #0 $aPT$bBN$gRPC 966 ## $lBN$mFGMON$pBiblioteca Jorge de Sena$sJ.S. 1404$x3 966 ## $lBN$mFGMON$sL. 36244//3 P. 966 ## $lBN$mFGMON$sL. 97460 P.$x6
Etiqueta de registo: 00654cam 2200205 450 001 568191 003 http://id.bnportugal.gov.pt/bib/catbnp/568191 005 19990104000000.0 095 ## $aPTBN00777108 100 ## $a19951018d1926 m y0pory0103 ba 101 1# $aspa$cpor 102 ## $aAR 200 1# $aCaracterísticas de la literatura portuguesa$fFidelino de Figueiredo$gtrad. por Ramón Maria Tenreiro 205 ## $a2ª ed 210 #9 $aBuenos Aires$cVirtus,$d1926 215 ## $a70, 1 p.$d19 cm 700 #1 $aFigueiredo,$bFidelino de,$f1888-1967$337830 702 #1 $aTenreiro,$bRamón Maria,$f1879-?$4730$3173834 801 #0 $aPT$bBN$gRPC 966 ## $lBN$mFGMON$sL. 59036 P.$x2
Etiqueta de registo: 00783cam 22002291 450 001 589483 003 http://id.bnportugal.gov.pt/bib/catbnp/589483 005 20020516110900.0 095 ## $aPTBN00798777 100 ## $a19960224d1924 m y0pory0103 ba 101 0# $apor 102 ## $aPT 106 ## $ar 200 1# $aEpicurismos$fFidelino de Figueiredo 210 #9 $aLisboa$cEmprêsa Literária Fluminense,$dimp. 1924 215 ## $a286 p.$d19 cm 675 ## $a869.0 Figueiredo, F. 7 Epicurismos$3621439 700 #1 $aFigueiredo,$bFidelino de,$f1888-1967$337830 801 #0 $aPT$bBN$gRPC 966 ## $lBN$mFGMON$nExemp. com dedicatória do autor$pBiblioteca Carlos Malheiro Dias$sL. 89023 P.$x3 966 ## $lBN$mFGMON$sL. 7130 P.
Etiqueta de registo: 00466cam 2200181 450 001 595940 003 http://id.bnportugal.gov.pt/bib/catbnp/595940 100 ## $a19990104d1944 m y0pory01030103ba 101 0# $apor 102 ## $aPT 105 ## $ay z 000yy 106 ## $ar 200 1# $aSob a cinza do tédio$e ( romance de uma consciência)$fFidelino de Figueiredo 210 #9 $aCoimbra$cNobel,$d1944 215 ## $a238, [2] p.$d20 cm 317 ## $aBiblioteca Jorge de Sena$5PTBN: J.S. 3285 700 #1 $aFigueiredo,$bFidelino de,$f1888-1967$337830 801 #0 $aPT$bBN$gRPC 966 ## $lBN$mFGMON$pBiblioteca Jorge de Sena$sJ.S. 3285$x3 966 ## $lBN$mFGMON$sL. 60133 P.$x2
Etiqueta de registo: 00815cam 2200241 450 001 617084 003 http://id.bnportugal.gov.pt/bib/catbnp/617084 005 20001002083800.0 095 ## $aPTBN00828071 100 ## $a19951206a1947 k y0pory0103 ba 101 0# $apor 102 ## $aBR 106 ## $ar 200 1# $aViajantes espanhoes em Portugal$ftextos do seculo XVIII publicados e prefaciados por Fidelino de Figueiredo 210 #9 $aSão Paulo$cUniversidade de São Paulo,$d1947 215 ## $a105 p.$d23 cm 225 2# $aBoletins da Faculdade de Filosofia, Ciências e Letras.$iLetras$v3 675 ## $a8(05)$vmed$zfre$3291985 700 #1 $aFigueiredo,$bFidelino de,$f1888-1967$337830 801 #0 $aPT$bBN$gRPC 966 ## $lBN$mFGMON$pBiblioteca João Gaspar Simões$sL. 65484 V.$x3 998 ## $aUAC41-254
Etiqueta de registo: 00715cam 2200205 450 001 646900 003 http://id.bnportugal.gov.pt/bib/catbnp/646900 005 19990105000000.0 095 ## $aPTBN00858616 100 ## $a19970218d1929 m y0pory0103 ba 101 1# $aspa$cpor 102 ## $aES 105 ## $ay z 000ay 106 ## $ar 200 1# $aDel tedio, del amor y del odio$fFidelino de Figueiredo$gtrad. de José Maria Cossio y Mario Falcão Espalter 210 #9 $aMadrid$cEditorial Mundo Latino,$dcop. 1929 215 ## $a224, [1] p.$d19 cm 304 ## $aTít. orig.: Sob a cinza do tédio, viagem à Fobolândia e Revoada romântica 675 ## $a821.134.3-31"18/19"$vBN$zpor$3459425 700 #1 $aFigueiredo,$bFidelino de,$f1888-1967$337830 702 #1 $ade Cossio,$bJosé Maria$4730$3241153 702 #1 $aFalção Espalter,$bMario$4730$3241152 801 #0 $aPT$bBN$gRPC 966 ## $lBN$mFGMON$sL. 52991 P. 966 ## $lBN$mFGMON$nDedicatória aut. de Luís Amaro$sL. 107186 P.$x6
Etiqueta de registo: 00695cam 22002411i 450 001 659307 003 http://id.bnportugal.gov.pt/bib/catbnp/659307 005 20011109125200.0 095 ## $aPTBN00871040 100 ## $a19970215g19151951km y0pory0103 ba 101 0# $apor 102 ## $aPT 106 ## $ar 200 1# $aEstudos de litteratura...$fFidelino de Figueiredo 210 #9 $aSão Paulo$cUniversidade de S. Paulo,$d1915-1951 215 ## $a5 vol.$d23 cm 675 ## $a821.134.3-1"19"$vBN$zpor$3288131 675 ## $a869.0 Figueiredo, Fid.7 Est. de$3666231 675 ## $a869.Lit$3666232 700 #1 $aFigueiredo,$bFidelino de,$f1888-1967$337830 801 #0 $aPT$bBN$gRPC 966 ## $lBN$mFGMON$pBiblioteca João Gaspar Simões$sTR. 4777 V.$x3 997 ## $aBIBEOD 998 ## $aJP78-86
Etiqueta de registo: 00771cam 2200253 450 001 678681 003 http://id.bnportugal.gov.pt/bib/catbnp/678681 005 20000106182600.0 095 ## $aPTBN00891839 100 ## $a19940227d1923 k y0pory0103 ba 101 0# $apor 102 ## $aPT 106 ## $ar 200 0# $aCaracterísticas da Litteratura Portuguesa$fFidelino de Figueiredo 205 ## $a3ª ed. revista 210 #9 $aLisboa$cLivr. Clássica Editora,$d1923 215 ## $a58, [1] p.$d23 cm 500 10 $aCaracterísticas da Literatura Portuguesa 700 #1 $aFigueiredo,$bFidelino de,$f1888-1967$337830 801 #0 $aPT$bBN$gRPC 966 ## $lBN$mFGMON$sL. 4950//7 V. $x0 966 ## $lBN$mFGMON$sL. 10766//2 V. $x0 966 ## $lBN$mFGMON$pBiblioteca José Marinho$sL. 61922 V.$x3 998 ## $aUNL2-113
Etiqueta de registo: 00652cam 022002291 04500 001 100248 003 http://id.bnportugal.gov.pt/bib/catbnp/100248 005 19981119231700.0 095 ## $aPTBN00104254 100 ## $a19570601d1957 m y0pora0103 ba 101 0# $apor 102 ## $aPT 200 1# $a O medo da história$fFidelino Sousa de Figueiredo 210 #9 $aLisboa$cGuimaräes Editores,$d1957 215 ## $a209 p. [3] f.$d20 cm 675 ## $a821.134.3-9$vmed$zpor$3288136 700 #1 $aFigueiredo,$bFidelino de,$f1888-1967$337830 801 #0 $aPT$bBN$gRPC 966 ## $lBN$mFGMON$sL. 46093 P.$x1 998 ## $aCR314 - 00170
Etiqueta de registo: 00774cac 22002411 450 001 581690 003 http://id.bnportugal.gov.pt/bib/catbnp/581690 005 19990104000000.0 095 ## $aPTBN00790921 100 ## $a19951214d1910 km y0pory0103 ba 101 0# $apor 102 ## $aPT 200 1# $a O espirito historico$eintroducção à bibliotheca$enoções preliminares, programma$fFidelino de Figueiredo 210 #9 $aLisboa$cTyp. da Cooperativa Militar,$d1910 215 ## $a32 p.$d25 cm 225 2# $aBibliotheca de estudos historicos nacionaes$v1 482 #1 $1001622399$tReparos à desafronta do senhor Manuel Rodrigues Breda de Melo$aCosta, -António Ferreira da$cCoimbra.[s.n.],$d1919$5PTBN: H.G. 10744//1 P. 675 ## $a930.1$vBN$zpor$3288329 700 #1 $aFigueiredo,$bFidelino de,$f1888-1967$337830 801 #0 $aPT$bBN$gRPC 966 ## $lBN$mFGMON$sH.G. 6919//9 V. $x0 966 ## $lBN$mFGMON$sH.G. 10744//13 P. 966 ## $lBN$mFGMON$sS.A. 12699//17 V. $x0 997 ## $aBIBEOD 998 ## $aJP71-164
Etiqueta de registo: 00528cam 2200181 450 001 530863 003 http://id.bnportugal.gov.pt/bib/catbnp/530863 005 19990103000000.0 095 ## $aPTBN00733913 100 ## $a19950526d1933 m y0pory0103 ba 101 0# $apor 102 ## $aPT 200 1# $aInterpretações$fpor Fidelino de Figueiredo 210 #9 $aLisboa$c[s.n.],$d1933$eCoimbra :$gImp. da Universidade) 215 ## $a76 p., 1 f.$d19 cm 225 2# $aBiblioteca de altos estudos 700 #1 $aFigueiredo,$bFidelino de,$f1888-1967$337830 801 #0 $aPT$bBN$gRPC 966 ## $lBN$mFGMON$sL. 26131//6 P.
Etiqueta de registo: 00782cam 022002531 04500 001 97290 003 http://id.bnportugal.gov.pt/bib/catbnp/97290 005 20020313160700.0 095 ## $aPTBN00101154 100 ## $a19900201d1914 km y0pory0103 ba 101 0# $apor 102 ## $aPT 200 1# $aHistória da literatura realista$e1871-1900$fFidelino de Figueiredo 210 #9 $aLisboa$cClássica Editora,$d1914 215 ## $a313 p.$d22 cm 225 2# $aBibliotheca de estudos históricos nacionais$v5 675 ## $a869.0(091)$vBN$zpor$3290813 700 #1 $aFigueiredo,$bFidelino de,$f1888-1967$337830 801 #0 $aPT$bBN$gRPC 966 ## $lBN$mFGMON$sL. 11882 V.$x3 966 ## $lBN$mFGMON$sL. 11882 V. 966 ## $lBN$mFGMON$sL. 14942 V. 966 ## $lBN$mFGMON$sL. 14942 V. 997 ## $aBIBEOD 998 ## $aCR198 - 00365
Etiqueta de registo: 00546cam 22001931 450 001 131787 003 http://id.bnportugal.gov.pt/bib/catbnp/131787 005 19981121200000.0 095 ## $aPTBN00137432 100 ## $a19590401d1959 m y0pora0103 ba 101 0# $apor 102 ## $aPT 200 1# $a O meu sentir$fMaria Lina$gpref. de Fidelino Sousa de Figueiredo 210 #9 $aLisboa$c[s.n.],$d1959 215 ## $a135 p., [3] f.$d21 cm 675 ## $a821.134.3-1"19"$vmed$zpor$3288131 700 #1 $aLina,$bMaria$3187345 702 #1 $aFigueiredo,$bFidelino de,$f1888-1967$4080$337830 801 #0 $aPT$bBN$gRPC 966 ## $lBN$mFGMON$sL. 48937 P.
Etiqueta de registo: 00604cam 02200205 04500 001 786799 003 http://id.bnportugal.gov.pt/bib/catbnp/786799 005 20030324130500.0 095 ## $aPTBN00574582 100 ## $a19940330d1928 k y0pory0103 ba 101 1# $aspa 102 ## $aES 200 1# $aCamoens$fFidelino de Figueiredo$gtrad. del... Marques de Lozoya.. 210 #9 $aMadrid$cEd. Voluntad,$d1928 215 ## $a214 p.$d16 cm 225 2# $aManuales Hispania$iSerie B$v3 700 #1 $aFigueiredo,$bFidelino de,$f1888-1967$337830 702 #0 $aMarquês de Lozoya,$f1893-1978 $4730$3371939 801 #0 $aPT$bBN$gRPC 966 ## $lBN$mRESIMP$sCAM. 789 P.
Etiqueta de registo: 00571cam 2200205 450 001 424623 003 http://id.bnportugal.gov.pt/bib/catbnp/424623 005 20030123091200.0 095 ## $aPTBN00453529 100 ## $a19911012d1932 km y0pory0103 ba 101 0# $apor 102 ## $aPT 200 1# $aInicaição boémia$fFidelino de Figueiredo 210 #9 $aCoimbra$cImp. da Universidade,$d1932 215 ## $a66 p., [1] f.$d24 cm 305 ## $aSep. O Instituto, 3 700 #1 $aFigueiredo,$bFidelino de,$f1888-1967$337830 801 #0 $aPT$bBN$gRPC 966 ## $lBN$mFGMON$sH.G. 14040//6 V. 966 ## $lBN$mFGMON$sL. 14187//9 V. $x0 998 ## $aCI344-640
Etiqueta de registo: 00519cam 02200181 04500 001 424578 003 http://id.bnportugal.gov.pt/bib/catbnp/424578 005 19981231000000.0 095 ## $aPTBN00453484 100 ## $a19911012d1931 km y0pory0103 ba 101 0# $apor 102 ## $aPT 200 1# $aDe regresso de Hollywood...$ereflexões sobre cinema$fFidelino de Figueiredo 210 #9 $aCoimbra$cImp. da Universidade,$d1931 215 ## $a13 p.$d23 cm 700 #1 $aFigueiredo,$bFidelino de,$f1888-1967$337830 801 #0 $aPT$bBN$gRPC 966 ## $lBN$mFGMON$sH.G. 13993//22 V. 998 ## $aCI344-595
Etiqueta de registo: 00565cam 022001931 04500 001 420902 003 http://id.bnportugal.gov.pt/bib/catbnp/420902 005 19981231000000.0 095 ## $aPTBN00449707 100 ## $a19930416d1964 km y0pory0103 ba 101 0# $apor 102 ## $aPT 200 1# $aAbel - Cardoso$e o primeiro e o último encontro$fFidelino de Figueiredo 210 #9 $aGuimaräes$cComp. Editora do Minho,$d1964 215 ## $a5 p.$cil.$d24 cm 305 ## $aSep. Rev. de Guimaräes, 74 700 #1 $aFigueiredo,$bFidelino de,$f1888-1967$337830 801 #0 $aPT$bBN$gRPC 966 ## $lBN$mFGMON$sH.G. 23733 V. 998 ## $aCI339-585
Etiqueta de registo: 00504cam 2200169 450 001 418639 003 http://id.bnportugal.gov.pt/bib/catbnp/418639 005 19981231000000.0 095 ## $aPTBN00447345 100 ## $a19930417d1929 km y0pory0103 ba 101 0# $apor 102 ## $aPT 200 1# $aDonjuanismo e anti-donjuanismo em Portugal$fFidelino de Figueiredo 210 #9 $a[S.l.$cs.n.],$d1929$eCoimbra :$gImp. da Universidade] 215 ## $a61, [1] p.$d24 cm 700 #1 $aFigueiredo,$bFidelino de,$f1888-1967$337830 801 #0 $aPT$bBN$gRPC 966 ## $lBN$mFGMON$sH.G. 13652 V.$x1
Etiqueta de registo: 00526nam 22001691i 450 001 1262746 003 http://id.bnportugal.gov.pt/bib/catbnp/1262746 100 ## $a20020606d1921 m y0pory0103 ba 101 0# $apor 102 ## $aPT 200 1# $aCartas de Menendez Pelayo a Garcia Perez publicadas com prefácio e notas$fpor Fidelino Figueiredo 210 #9 $a[S.l.$cs.n.],$d1921$eCoimbra:$gImp. da Universidade) 215 ## $a108 p.$d23 cm 700 #1 $aMenéndez Pelayo,$bMarcelino,$f1856-1912$3181363 702 #1 $aFigueiredo,$bFidelino de,$f1888-1967$4080$337830 801 #0 $aPT$bBN 801 #1 $aFR$bJOUVE 966 ## $lBN$mFGMON$sB. 289 A. $x0
Etiqueta de registo: 00997cam 22002771 450 001 418045 003 http://id.bnportugal.gov.pt/bib/catbnp/418045 005 19981231000000.0 095 ## $aPTBN00446744 100 ## $a19930415d1923 km y0pory0103 ba 101 0# $apor 102 ## $aPT 200 0# $aEstudos de historia e litteratura$eensaios criticos, discursos e conferencias$fLuiz Guedes Coutinho Garrido 210 #9 $aLisboa$cLivr. Univ. de Armando J. Tavares,$d1923 215 ## $aXVI, 431 p.$cil.$d26 cm 500 10 $aEstudos de história e literatura 700 #1 $aGarrido,$bLuís,$f1841-1882$3100743 702 #1 $aFigueiredo,$bFidelino de,$f1888-1967$4080$337830 801 #0 $aPT$bBN$gRPC 930 ## $lBN$dF. 6960$iMicrofilme 930 ## $lUCJPII$dSARD-3891 966 ## $lBN$mFGMON$sH.G. 3311 P. 966 ## $lBN$mFGMON$sH.G. 19487 V. 966 ## $lBN$mMICROF$nMicrofilme$sF. 6960 966 ## $lBN$mMICROF$sF. 6960 966 ## $lBN$mRESIMP$nEx-Libris do Rei D.Manuel II; Dedicatória ao Rei D.Manuel II de Fidelino de Figueiredo$pBiblioteca de D. Manuel II, P.C.Velho, 1989$sRES. 4018 V.$x2 998 ## $aCI335-135
Etiqueta de registo: 00460cam 22001691 450 001 418004 003 http://id.bnportugal.gov.pt/bib/catbnp/418004 005 19981231000000.0 095 ## $aPTBN00446702 100 ## $a19930415d1926 km y0pory0103 ba 101 0# $aeng 200 1# $a The geographical discoveries and conquests of the portuguese 210 #9 $a[S.l.$cs.n.],$d1926 215 ## $ap. 47-70 700 #1 $aFigueiredo,$bFidelino de,$f1888-1967$337830 801 #0 $aPT$bBN$gRPC 966 ## $lBN$mFGMON$sH.G. 24520 V. 998 ## $aCI335-99
Etiqueta de registo: 00499cam 2200193 450 001 527874 003 http://id.bnportugal.gov.pt/bib/catbnp/527874 005 19990103000000.0 095 ## $aPTBN00730921 100 ## $a19950518d1908 m y0pory0103 ba 101 0# $apor 102 ## $aPT 105 ## $ay z 000yy 106 ## $ar 200 1# $aArte moderna$fFidelino de Figueiredo 210 #9 $aLisboa$cGomes de Carvalho,$d1908 215 ## $a32 p.$d12 cm 675 ## $a821.134.3.09$vBN$zpor$31182264 700 #1 $aFigueiredo,$bFidelino de,$f1888-1967$337830 801 #0 $aPT$bBN$gRPC 966 ## $lBN$mFGMON$sL. 8965//4 V. $x0 966 ## $lBN$mFGMON$sL. 11914//8 P. $x0 966 ## $lBN$mFGMON$sL. 17401//3 P. 966 ## $lBN$mFGMON$nFaltam p. 31-32$pDoação Adolfo Casais Monteiro$sL. 93780 P.$x3 997 ## $aBIBEOD
Etiqueta de registo: 00796cam 2200241 450 001 414500 003 http://id.bnportugal.gov.pt/bib/catbnp/414500 100 ## $a19930320d1933 m y0pory01030103ba 101 0# $apor 102 ## $aPT 105 ## $ay z 000yy 106 ## $ar 200 1# $aD. Miguel no trono, 1828-1833$fOliveira Lima$gpréf. de Fidelino de Figueiredo 210 #9 $aCoimbra$cImprensa da Universidade,$d1933 215 ## $aXIV, 304 p., [2] p.$cil.$d23 cm 317 ## $aBiblioteca Jorge de Sena$5PTBN: J.S. 3682 532 12 $aDom Miguel no trono, 1828-1833 700 #1 $aLima,$bManuel de Oliveira,$f1867-1928$374760 702 #1 $aFigueiredo,$bFidelino de,$f1888-1967$4080$337830 801 #0 $aPT$bBN$gRPC 966 ## $lBN$mFGMON$nDoação Brito Rato$sB.R. 5395 966 ## $lBN$mFGMON$pBiblioteca Jaime Batalha Reis$sH.G. 46051 V.$x3 966 ## $lBN$mFGMON$pBiblioteca Jorge de Sena$sJ.S. 3682$x3 998 ## $aFS125-157
Etiqueta de registo: 00852cam 2200253 450 001 648723 003 http://id.bnportugal.gov.pt/bib/catbnp/648723 100 ## $a19990105d1944 m y0pory01030103ba 101 0# $apor 102 ## $aPT 105 ## $ay z 000yy 106 ## $ar 200 1# $aCultura intervalar$fFidelino Sousa de Figueiredo 210 #9 $aCoimbra$cNobel,$d1944 215 ## $a145, [2] p.$d19 cm 225 2# $aBiblioteca de ensaios de Fidelino de Figueiredo$v7 317 ## $aBiblioteca Jorge de Sena$5PTBN: J.S. 1709 700 #1 $aFigueiredo,$bFidelino de,$f1888-1967$337830 801 #0 $aPT$bBN$gRPC 966 ## $lBN$mFGMON$pBiblioteca Jorge de Sena$sJ.S. 1709$x3 966 ## $lBN$mFGMON$sL. 53137 P. 966 ## $lBN$mFGMON$pBiblioteca Álvaro Ribeiro$sL. 90074 P.$x3
Etiqueta de registo: 00690cam 02200229 04500 001 382358 003 http://id.bnportugal.gov.pt/bib/catbnp/382358 005 20030129132100.0 095 ## $aPTBN00408547 100 ## $a19930119d1915 m y0pory0103 ba 101 0# $apor 102 ## $aPT 105 ## $aa z 000yy 106 ## $ar 200 0# $a O que é a Academia das Sciencias de Lisboa$e1779-1915$fFidelino Figueiredo 210 #9 $aPorto$cTyp. da Emp. Lit. e Typ.,$d1915 215 ## $a15 p.$cil.$d24 cm 305 ## $aSep. Rev. História, 4, 16 518 1# $a O que é a Academia das Ciências de Lisboa 700 #1 $aFigueiredo,$bFidelino de,$f1888-1967$337830 801 #0 $aPT$bBN$gRPC 966 ## $lBN$mFGMON$sH.G. 9572 V. 966 ## $lBN$mFGMON$sL. 5908//2 A. $x0 997 ## $aBIBEOD
Etiqueta de registo: 00651cam 022002051 04500 001 192214 003 http://id.bnportugal.gov.pt/bib/catbnp/192214 005 20000120164200.0 095 ## $aPTBN00199534 100 ## $a19881220d1945 m y0por 0103 ba 101 0# $apor 102 ## $aPT 200 1# $a ... Um pobre homem da Póvoa de Varzim$fFidelino de Figueiredo 210 #9 $aLisboa$cPortugália,$d[1945] 215 ## $a191, [8] p.$d19 cm 300 ## $a1º Centenário do Nascimento de Eça de Queirós (1845-1945) 700 #1 $aFigueiredo,$bFidelino de,$f1888-1967$337830 801 #0 $aPT$bBN$gRPC 966 ## $lBN$mFGMON$sB.R. 1064 966 ## $lBN$mFGMON$sL. 36729 P.
Etiqueta de registo: 00660cam 2200229 450 001 515871 003 http://id.bnportugal.gov.pt/bib/catbnp/515871 005 19990102000000.0 095 ## $aPTBN00718889 100 ## $a19950413d1908 m y0pory0103 ba 101 0# $apor 102 ## $aPT 200 1# $a Os humildes$eromance$fFidelino de Figueiredo 210 #9 $aLisboa$cGomes de Carvalho,$d1908 215 ## $a1 v.$d8º 700 #1 $aFigueiredo,$bFidelino de,$f1888-1967$337830 801 #0 $aPT$bBN$gRPC 966 ## $lBN$mFGMON$sL. 11774 P. 966 ## $lBN$mFGMON$sL. 11980 P. 966 ## $lBN$mFGMON$sL. 11981 P. 966 ## $lBN$mFGMON$sL. 12062 P. 966 ## $lBN$mFGMON$sL. 12063 P. 966 ## $lBN$mFGMON$sL. 25234 P. 966 ## $lBN$mMICROF$sF.G. 130 997 ## $aBIBEOD
Etiqueta de registo: 00992cam 2200325 450 001 662536 003 http://id.bnportugal.gov.pt/bib/catbnp/662536 005 19990106000000.0 095 ## $aPTBN00874265 100 ## $a19970310d19171924k y0pory0103 ba 101 0# $apor 102 ## $aPT 200 0# $aEstudos de litteratura$fFidelino de Figueiredo 210 #9 $aLisboa$cClássica$cPortugália,$d1917-1924 215 ## $a4 v.$d22 cm 500 10 $aEstudos de literatura 700 #1 $aFigueiredo,$bFidelino de,$f1888-1967$337830 801 #0 $aPT$bBN$gRPC 930 ## $lBN$mAG$dL. 30840-43 V.$jvol. 1-4 930 ## $lULLE$dLP 207-210 V$jV. 1-v. 4$c2 966 ## $lBN$mFGMON$sL. 30840 V.$x1 966 ## $lBN$mFGMON$sL. 30841 V.$x1 966 ## $lBN$mFGMON$sL. 30842 V.$x1 966 ## $lBN$mFGMON$sL. 30843 V.$x1 997 ## $aBIBEOD
Etiqueta de registo: 00731cam 02200217 04500 001 330445 003 http://id.bnportugal.gov.pt/bib/catbnp/330445 005 19981229000000.0 095 ## $aPTBN00347042 100 ## $a19911007d1906 m y0pory0103 ba 101 0# $apor 102 ## $aPT 200 1# $aNotas elucidativas aos poemas Camões e retrato de Vénus de Almeida Garrett 210 #9 $aLisboa$cEmpreza de Historia de Portugal$cLivr. Moderna,$d1906 215 ## $a186, [5] p.$d19 cm 700 #1 $aFigueiredo,$bFidelino de,$f1888-1967$337830 801 #0 $aPT$bBN$gRPC 856 40 $2Cópia digital disponível em Archive.org$uhttps://archive.org/details/notaselucidativ00figugoog/page/n10 966 ## $lBN$mFGMON$sL. 11206 P. 966 ## $lBN$mRESIMP$nCota antiga N, 219$sCAM. 429 P. 966 ## $lBN$mRESIMP$sCAM. 429 P.
Etiqueta de registo: 00574cam 02200181 04500 001 325279 003 http://id.bnportugal.gov.pt/bib/catbnp/325279 005 19981229000000.0 095 ## $aPTBN00341557 100 ## $a19910729d1953 m y0pory0103 ba 101 0# $apor 102 ## $aBR 200 1# $aOlhos Gonçalves$eSobre um vilancete de Camões$fFidelino de Figueiredo 210 #9 $a[S.l.$cS.n.],$d1953$eS.Paulo :$gIndústria Gráfica José de Magalhães Ltda) 215 ## $ap.469-471$d23 cm 305 ## $aSep. da Rev. de História, n.o 14 700 #1 $aFigueiredo,$bFidelino de,$f1888-1967$337830 801 #0 $aPT$bBN$gRPC 966 ## $lBN$mRESIMP$sCAM. 1192 V.$x2
Etiqueta de registo: 00616cam 22001931 450 001 316398 003 http://id.bnportugal.gov.pt/bib/catbnp/316398 005 20030227171200.0 095 ## $aPTBN00332428 100 ## $a19951221d1939 km y0pora0103 ba 101 0# $apor 102 ## $aBR 200 1# $aAristarchos$equatro conferências sobre methodologia da critica litteraria...$fFidelino de Figueiredo 210 #9 $aSäo Paulo$cDepartamento Municipal de Cultura,$d1939 215 ## $a114, [5] p.$d24 cm 225 2# $aDepartamento de cultura$v23 700 #1 $aFigueiredo,$bFidelino de,$f1888-1967$337830 801 #0 $aPT$bBN$gRPC 966 ## $lBN$mFGMON$sB.R. 6540 966 ## $lBN$mFGMON$sL. 12626 V.$x0
Etiqueta de registo: 00671cam 22002171 450 001 300982 003 http://id.bnportugal.gov.pt/bib/catbnp/300982 100 ## $a19901221d1954 m y0pora0103 ba 101 0# $apor 102 ## $aPT 105 ## $ay z 000yy 106 ## $ar 200 1# $aHistória da civilização ibérica$fOliveira Martins$gpref. Fidelino de Figueiredo 205 ## $a9ª ed 210 #9 $aLisboa$cGuimaräes,$d1954 215 ## $aXX, 326 p.$d20 cm 225 2# $aObras completas de Oliveira Martins 675 ## $a94(46)".../18"$vBN$zpor$31391118 700 #1 $aMartins,$bOliveira,$f1845-1894$328416 702 #1 $aFigueiredo,$bFidelino de,$f1888-1967$4080$337830 801 #0 $aPT$bBN$gRPC 966 ## $lBN$mFGMON$sB.R. 5623 966 ## $lBN$mFGMON$sH.G. 60101 V.$x6
Etiqueta de registo: 00473cam 22001691 450 001 300615 003 http://id.bnportugal.gov.pt/bib/catbnp/300615 005 19981228000000.0 095 ## $aPTBN00312609 100 ## $a19891221d1944 m y0pora0103 ba 101 0# $apor 102 ## $aPT 200 1# $aHistória literária de Portugal$eséculos XII-XX$fFidelino de Figueiredo 210 #9 $aCaminha$cNobel,$dimp. 1944 215 ## $a469 p.$d24 cm 700 #1 $aFigueiredo,$bFidelino de,$f1888-1967$337830 801 #0 $aPT$bBN$gRPC 966 ## $lBN$mFGMON$sB.R. 8511
Etiqueta de registo: 00795cam 22002411 450 001 297772 003 http://id.bnportugal.gov.pt/bib/catbnp/297772 005 20030117133800.0 095 ## $aPTBN00309737 100 ## $a19951001d1950 m y0pora0103 ba 101 0# $apor 102 ## $aBR 106 ## $ar 200 1# $a A épica portuguesa no século XVI$esubsídios documentares para uma theoria geral da epopêa$fFidelino de Figueiredo 210 #9 $aSão Paulo$c[s.n.],$d1950 215 ## $a402, [5] p., [6] p. il.$cil.$d23 cm 305 ## $aSep. Boletim CI- Letras, 6 700 #1 $aFigueiredo,$bFidelino de,$f1888-1967$337830 801 #0 $aPT$bBN$gRPC 966 ## $lBN$mFGMON$sB.R. 8733 966 ## $lBN$mFGMON$sL. 13952 V.$x0 966 ## $lBN$mFGMON$pBiblioteca João Gaspar Simões$sL. 65483 V.$x3
Etiqueta de registo: 00782cam 22002411 450 001 297529 003 http://id.bnportugal.gov.pt/bib/catbnp/297529 005 19990421190700.0 095 ## $aPTBN00309492 100 ## $a19891221d1941 m y0pory0103 ba 101 0# $apor 102 ## $aBR 105 ## $aa z 001yy 106 ## $ar 200 1# $aLiteratura portuguesa$edesenvolvimento histórico das origens à actualidade$fFidelino de Figueiredo 210 #9 $aRio de Janeiro$cA Noite,$dimp. 1941 215 ## $a380, [3] p.$cil.$d24 cm 606 ## $2SIPOR$340632 675 ## $a821.134.3(091)$vBN$zpor$3456170 700 #1 $aFigueiredo,$bFidelino de,$f1888-1967$337830 801 #0 $aPT$bBN$gRPC 966 ## $lBN$mFGMON$p(Doaðc─ao Brito Rato)$sB.R. 8367$x3 966 ## $lBN$mFGMON$sL. 55447 V.$x2 966 ## $lBN$mFGMON$pDoação Jaime Cortesão$sL. 58756 V.$x3
Etiqueta de registo: 00616cam 22002051 450 001 297226 003 http://id.bnportugal.gov.pt/bib/catbnp/297226 005 19981228000000.0 095 ## $aPTBN00309187 100 ## $a19891221d1923 km y0pora0103 ba 101 0# $apor 102 ## $aPT 200 1# $aHistória da literatura romantica$e1825-1870$fFidelino de Figueiredo 205 ## $a2ª ed. revista 210 #9 $aLisboa$cClássica Editora,$d1923 215 ## $a324 p.$d23 cm 225 2# $aBiblioteca de estudos históricos nacionaes$v4 700 #1 $aFigueiredo,$bFidelino de,$f1888-1967$337830 801 #0 $aPT$bBN$gRPC 966 ## $lBN$mFGMON$sB.R. 8055
Etiqueta de registo: 00803cam 22002411 450 001 296381 003 http://id.bnportugal.gov.pt/bib/catbnp/296381 005 19981228000000.0 095 ## $aPTBN00308333 100 ## $a19881201d1935 m y0pora0103 ba 101 0# $apor 102 ## $aPT 200 1# $aPyrene$eponto de vista para uma introdução à história comparada das literaturas portuguesas
e espanholas$fFidelino Figueiredo 210 #9 $aLisboa$cEmp. Nac. de Publicidade,$d1935 215 ## $a188, [7] p.$d23 cm 700 #1 $aFigueiredo,$bFidelino de,$f1888-1967$337830 801 #0 $aPT$bBN$gRPC 930 ## $lBN$dF. 5704$iMicrofilme 966 ## $lBN$mFGMON$sB.R. 2639 966 ## $lBN$mFGMON$sL. 12181 V. 966 ## $lBN$mFGMON$sL. 12182 V. 966 ## $lBN$mFGMON$sL. 12246 V.$x1 966 ## $lBN$mMICROF$nMicrofilme$sF. 5704
Etiqueta de registo: 00684cam 02200229 04500 001 283375 003 http://id.bnportugal.gov.pt/bib/catbnp/283375 005 19981209120100.0 095 ## $aPTBN00294967 100 ## $a19880913d1918 m y0pora0103 ba 101 0# $apor 102 ## $aPT 200 1# $aPublicações da Biblioteca Nacional$fFidelino de Figueiredo 210 #9 $aLisboa$cBiblioteca Nacional,$d1918 215 ## $a160 p.$cil.$d25 cm 675 ## $a027.54(469) BN(047.3)$vmed$zpor$3449379 700 #1 $aFigueiredo,$bFidelino de,$f1888-1967$337830 801 #0 $aPT$bBN$gRPC 966 ## $lBN$mFGMON$sB.A.D. 2023 V. 966 ## $lBN$mFGMON$sB.A.D. 2024 V. 966 ## $lBN$mFGMON$sB.A.D. 2168 V.$x0 966 ## $lBN$mFGMON$sB.A.D. 3017 V.$x2 997 ## $aBIBEOD
Etiqueta de registo: 00911cam 02200241 04500 001 282313 003 http://id.bnportugal.gov.pt/bib/catbnp/282313 005 20000703144200.0 095 ## $aPTBN00293871 100 ## $a19901221g19179999m y0pora0103 ba 101 0# $apor 102 ## $aPT 106 ## $ar 200 0# $aEstudos de litteratura$eartigos vários$fFidelino de Figueiredo 210 #9 $aLisboa$cClássica,$d1917- 215 ## $av.$d23 cm 327 0# $a1ª série: 1910-1916. - 250 p.$a2ª série : 1917. - 245, [3] p.$a3ª série: 1918-1920. - 253, [2] p.$a4ª série : 1921-1922. - 245, [3] p. 518 1# $aEstudos de literatura 700 #1 $aFigueiredo,$bFidelino de,$f1888-1967$337830 801 #0 $aPT$bBN$gRPC 966 ## $lBN$mFGMON$sB.R. 11699 966 ## $d3º v.$lBN$mFGMON$pBiblioteca José Marinho$sTR. 4518 V.$x2 997 ## $aBIBEOD
Etiqueta de registo: 00734cam 022002051 04500 001 269096 003 http://id.bnportugal.gov.pt/bib/catbnp/269096 005 19981207023200.0 095 ## $aPTBN00279793 100 ## $a19891221d19 km y0pora0103 ba 101 0# $apor 102 ## $aPT 200 1# $aHistória de literatura clássica$fFidelino de Figueiredo 210 #9 $aLisboa$cClássica,$d[19--] 215 ## $av.$d23 cm 225 2# $aBiblioteca de estudos históricos nacionais$vVI-VII 327 0# $a1º v.: 1ª Epocha: 1502-1580. - 2ª ed. rev. - 1930. - 362p$a2º v.: 2ª Epocha: 1580-1756. - 1922. - 380 p. 700 #1 $aFigueiredo,$bFidelino de,$f1888-1967$337830 801 #0 $aPT$bBN$gRPC 966 ## $lBN$mFGMON$sB.R. 12103$x3 966 ## $lBN$mFGMON$sB.R. 12104$x3 997 ## $aBIBEOD
Etiqueta de registo: 00536cam 022001931 04500 001 264592 003 http://id.bnportugal.gov.pt/bib/catbnp/264592 005 19981206211900.0 095 ## $aPTBN00275248 100 ## $a19610601d1961 m y0pora0103 ba 101 0# $apor 102 ## $aPT 200 1# $aElogio de um nobre educador$fFidelino de Sousa Figueiredo 210 #9 $aGuimaräes$c[s.n.],$d1961 215 ## $a7 p.$cil.$d24 cm 305 ## $aSep. Rev. Guimaräes, 71 675 ## $a92$vmed$zpor$3288142 700 #1 $aFigueiredo,$bFidelino de,$f1888-1967$337830 801 #0 $aPT$bBN$gRPC 966 ## $lBN$mFGMON$sH.G. 21952 V.$x1
Etiqueta de registo: 00606cam 2200217 450 001 263991 003 http://id.bnportugal.gov.pt/bib/catbnp/263991 100 ## $a19941030d1964 m y0pory01030103ba 101 0# $apor 102 ## $aPT 105 ## $ay z 000yy 106 ## $ar 200 1# $aSímbolos & mitos$fFidelino de Figueiredo 210 #9 $aLisboa$cEuropa-América,$d1964 215 ## $a186, [1] p.$d19 cm 225 2# $aEstudos e documentos$v29 316 ## $aDedicatória do autor$5PTBN: L. 121837 P. 317 ## $aBiblioteca Matilde Rosa Araújo$5PTBN: L. 121837 P. 532 13 $aSímbolos e mitos 675 ## $a869.0.9$vmed$zpor$3288618 700 #1 $aFigueiredo,$bFidelino de,$f1888-1967$337830 801 #0 $aPT$bBN$gRPC 966 ## $lBN$mFGMON$sL. 55811 P. 966 ## $lBN$mFGMON$pBiblioteca Matilde Rosa Araújo$sL. 121837 P.$x3
Etiqueta de registo: 01030cam 2200289 450 001 256821 003 http://id.bnportugal.gov.pt/bib/catbnp/256821 005 20030324130500.0 095 ## $aPTBN00267133 100 ## $a19910305d1927 k y0pory0103 ba 101 1# $aspa$cpor 102 ## $aES$aAR 105 ## $aa z 001yy 106 ## $ar 200 1# $aHistoria de la literatura portuguesa$fFidelino de Figueiredo$gtrad. Marquês de Lozoya 210 #9 $aBarcelona ;$aBuenos Aires$cLabor,$d1927 215 ## $a391, XVI p.$cil.$d19 cm 225 2# $aLabor$ebiblioteca de iniciación cultural.$hsección III,$iCiencias literarias$v123-124 606 ## $aLiteratura portuguesa$xHistória$2SIPOR$340632 675 ## $a821.134.3(091)$vBN$zpor$3456170 700 #1 $aFigueiredo,$bFidelino de,$f1888-1967$337830 702 #0 $aMarquês de Lozoya,$f1893-1978 $4730$3371939 801 #0 $aPT$bBN$gRPC 966 ## $lBN$mFGMON$pDoação Jaime Cortesão$sL. 88012 P.$x3 966 ## $lBN$mFGMON$pBiblioteca José Alexandre Braga$sL. 89501 P.$x3
Etiqueta de registo: 00767cam 022002651 04500 001 253399 003 http://id.bnportugal.gov.pt/bib/catbnp/253399 005 20010807103400.0 095 ## $aPTBN00263577 100 ## $a19901214d1925 k y0pory0103 ba 101 0# $apor 102 ## $aPT 106 ## $ar 200 1# $aTorre de Babel$fFidelino de Figueiredo 210 #9 $aLisboa$cEmpresa Literária Fluminense,$d1925 215 ## $a279 p.$d19 cm 606 ## $2SIPOR$321791 620 ## $dLisboa 675 ## $a869.0$vBN$zpor$3288129 700 #1 $aFigueiredo,$bFidelino de,$f1888-1967$337830 801 #0 $aPT$bBN$gRPC 966 ## $lBN$mFGMON$sL. 29197 P. 966 ## $lBN$mFGMON$sL. 40307 P.
Etiqueta de registo: 01019cam 022003011 04500 001 253375 003 http://id.bnportugal.gov.pt/bib/catbnp/253375 005 20000620143800.0 095 ## $aPTBN00263551 100 ## $a19981205d1920 k y0pory0103 ba 101 0# $apor 102 ## $aPT 106 ## $ar 200 0# $aA critica litteraria como sciencia$fFidelino de Figueiredo 205 ## $a3ª ed 210 #9 $aLisboa$cClássica$d1920 215 ## $a279 p.$d23 cm 225 2# $aBibliotheca de estudos historicos nacionaes$v3 518 1# $a A crítica literária como ciência 606 ## $aTeoria da literatura$2SIPOR$321793 675 ## $a82.08$vBN$zpor$3290163 700 #1 $aFigueiredo,$bFidelino de,$f1888-1967$337830 801 #0 $aPT$bBN$gRPC 856 40 $2Cópia Digital disponível em: Archive.org$uhttps://archive.org/details/criticalitterari00figuuoft/page/n8 966 ## $lBN$mFGMON$pBiblioteca Álvaro Ribeiro$sL. 62203 V.$x3
Etiqueta de registo: 00888cam 022002771 04500 001 253369 003 http://id.bnportugal.gov.pt/bib/catbnp/253369 005 20020917165700.0 095 ## $aPTBN00263545 100 ## $a19981205d1915 k y0pory0103 ba 101 0# $apor 102 ## $aPT 106 ## $ar 200 0# $aCaracteristicas da litteratura portuguesa$fFidelino de Figueiredo 210 #9 $aLisboa$cClassica,$d1915 215 ## $aVIII, 56 p.$d23 cm 225 2# $aBibliotheca de estudos historicos nacionaes 518 1# $aCaracterísticas da literatura portuguesa 606 ## $2SIPOR$322565 675 ## $a869.0.09$vBN$zpor$3290306 700 #1 $aFigueiredo,$bFidelino de,$f1888-1967$337830 801 #0 $aPT$bBN$gRPC 966 ## $lBN$mFGMON$sL. 8103 V. 966 ## $lBN$mFGMON$pBiblioteca Álvaro Ribeiro$sL. 62452 V.$x3 997 ## $aBIBEOD
Etiqueta de registo: 00670cam 2200229 450 001 247766 003 http://id.bnportugal.gov.pt/bib/catbnp/247766 100 ## $a19900703d1951 m y0pory01030103ba 101 0# $apor 102 ## $aAR 105 ## $ay z 000zy 106 ## $ar 200 1# $aBalzac de cor$fFidelino de Figueiredo 210 #9 $aCuyo$c[s.n.],$d1951 215 ## $ap. 25-45$d23 cm 305 ## $aSep. de: Rev. de Estudios Franceses, nº 6 (1951) 317 ## $aBiblioteca Matilde Rosa Araújo$5PTBN: L. 173018 V. 675 ## $a840-31 Balzac, Honoré de .09$vBN$zpor$3429200 700 #1 $aFigueiredo,$bFidelino de,$f1888-1967$337830 801 #0 $aPT$bBN$gRPC 966 ## $lBN$mFGMON$sL. 46130 V.$x2 966 ## $lBN$mFGMON$pBiblioteca José Marinho$sL. 62015 V.$x3 966 ## $lBN$mFGMON$pBiblioteca Matilde Rosa Araújo$sL. 173018 V.$x3
Etiqueta de registo: 00572cam 022001931 04500 001 234437 003 http://id.bnportugal.gov.pt/bib/catbnp/234437 005 19981204105600.0 095 ## $aPTBN00242770 100 ## $a19951001d1950 km y0pora0103 ba 101 0# $apor 102 ## $aBR 200 1# $aShakespeare e Garrett$fFidelino de Figueiredo 210 #9 $aSäo Paulo$c[s.n.],$d1950$e[Säo Paulo]$fInd. Gráf. José Magalhäes) 215 ## $a57, [4] p.$d23 cm 305 ## $aSep. Rev. Univ. de Säo Paulo, 1 700 #1 $aFigueiredo,$bFidelino de,$f1888-1967$337830 801 #0 $aPT$bBN$gRPC 966 ## $lBN$mFGMON$sB.R. 2974 998 ## $aCR587 - 00037
|
|
|